{"text_format":"2","workbook":"xlsx","n_sheets":8,"sheets":["PFP","PFP1.1_Topo","PFP1.2_Geo","PFP2.1_FatorKa","PFP2.2_FatorKb","PFP3_FatorKc","CRO1_Ins-Pro","CRO2_Ins-Mes"],"not_rendered":{"charts":0,"images":0,"macros":0,"external_links":0,"defined_names":17,"comments":0,"pivot_tables":0},"unopened":[],"bounds":{"document_bytes":16777216,"sheet_cells":100000,"run_cost":"one","rows_first":2000,"rows_last":500,"rows_between":2000,"halvings":0,"cell_chars":16384,"cell_head_chars":4096},"cells_cut":0,"cells_raw":0,"read":"whole","date_system":"1900"}

{"sheet":"PFP","index":0,"n_rows":47,"n_cols":13,"rows_kept":47,"cut":false,"hidden":false,"merged":[[5,9,5,10],[5,5,5,8],[26,0,26,6],[26,7,26,10],[5,0,5,4],[25,0,25,6],[25,7,25,10],[0,0,1,8],[4,5,4,8],[0,9,0,10],[1,9,1,10],[4,9,4,10],[2,0,2,10],[3,0,3,10],[4,0,4,4],[46,0,46,10],[39,0,39,10],[41,0,41,10],[34,0,34,10],[30,9,30,10],[31,9,31,10],[31,0,31,8],[40,0,40,10],[36,0,36,10],[42,0,42,10],[43,0,43,10],[44,0,44,10],[45,0,45,10],[37,0,37,10],[28,7,28,10],[28,0,28,6],[27,7,27,10],[27,0,27,6],[38,0,38,10],[33,0,33,8],[33,9,33,10],[30,0,30,6],[32,0,32,6],[29,0,29,6],[29,7,29,10],[35,0,35,10]]}
["PROPOSTA FINANCEIRA DO PROJETO",{"$nulls":8},"CODIGO:"]
[{"$nulls":9},"PFP"]
["NOME DA CONSULTORA:"]
[]
["PROJETO:",{"$nulls":4},"CONTRATANTE:",null,null,null,"BASE:"]
["Estudo de Viabilidade Técnica, Econômica e Ambiental e Anteprojeto da Ponte da Baía de São Marcos, no município de São Luís/MA",{"$nulls":4},"Codevasf (Sede)",null,null,null,"maio/2022"]
["Base","Cod1","Cod2","Categoria / Insumo","Uni","Qde","CUD","PU","FatorK","CT","PT"]
["DNIT","MO","P8061","Engenheiro Sênior (Coordenador)","mês",{"$f":"'CRO1_Ins-Pro'!D4","v":8},{"$f":"M8","v":16871.009999999998},{"$f":"ROUND(I8*G8,2)","v":39451.17},{"$f":"PFP2.1_FatorKa!$E$40","v":2.3384},{"$f":"ROUND(F8*G8,2)","v":134968.07999999999},{"$f":"ROUND(F8*H8,2)","v":315609.36},"P8061",16871.009999999998]
["DNIT","MO","P8060","Consultor","mês",{"$f":"'CRO1_Ins-Pro'!D5","v":1},{"$f":"M9","v":20245.21},{"$f":"ROUND(I9*G9,2)","v":34321.699999999997},{"$f":"PFP2.2_FatorKb!$E$40","v":1.6953},{"$f":"ROUND(F9*G9,2)","v":20245.21},{"$f":"ROUND(F9*H9,2)","v":34321.699999999997},"P8060",20245.21]
["DNIT","MO","P8067","Engenheiro Sênior","mês",{"$f":"'CRO1_Ins-Pro'!D6","v":12},14169.06,{"$f":"ROUND(I10*G10,2)","v":33132.93},{"$f":"PFP2.1_FatorKa!$E$40","v":2.3384},{"$f":"ROUND(F10*G10,2)","v":170028.72},{"$f":"ROUND(F10*H10,2)","v":397595.16},"P8067",14169.06]
["DNIT","MO","P8066","Engenheiro Pleno","mês",{"$f":"'CRO1_Ins-Pro'!D7","v":12},10767.48,25178.68,{"$f":"PFP2.1_FatorKa!$E$40","v":2.3384},129209.76,302144.15999999997,"P8066",10767.48]
["DNIT","MO","P8065","Engenheiro Júnior","mês",{"$f":"'CRO1_Ins-Pro'!D8","v":3},10302,24090.2,{"$f":"PFP2.1_FatorKa!$E$40","v":2.3384},30906,72270.600000000006,"P8065",10302]
["DNIT","MO","P8151","Técnico Sênior","mês",{"$f":"'CRO1_Ins-Pro'!D9","v":9},4012.52,9382.8799999999992,{"$f":"PFP2.1_FatorKa!$E$40","v":2.3384},36112.68,84445.92,"P8151",4012.52]
["DNIT","MO","P8147","Técnico Pleno","mês",{"$f":"'CRO1_Ins-Pro'!D10","v":9},2930.24,6852.07,{"$f":"PFP2.1_FatorKa!$E$40","v":2.3384},26372.16,61668.63,"P8147",2930.24]
["DNIT","MO","P8155","Técnico Junior","mês",{"$f":"'CRO1_Ins-Pro'!D11","v":9},2260.39,5285.7,{"$f":"PFP2.1_FatorKa!$E$40","v":2.3384},20343.509999999998,47571.3,"P8155",2260.39]
["SICRO","MO","P9867","Técnico Especializado","mês",{"$f":"'CRO1_Ins-Pro'!D12","v":0},3134.86,7330.56,{"$f":"PFP2.1_FatorKa!$E$40","v":2.3384},0,0]
["CODE","DP","V1","Diárias","dia",{"$f":"'CRO1_Ins-Pro'!D13","v":40},132,165.77,{"$f":"PFP3_FatorKc!$E$19","v":1.2558},5280,6630.8]
["CODE","DP","V2","Aluguel Hatch 1.6 flex s/ Motorista","mês",{"$f":"'CRO1_Ins-Pro'!D14","v":2},3259.34,4093.08,{"$f":"PFP3_FatorKc!$E$19","v":1.2558},6518.68,8186.16]
["CODE","DP","V4","Passagens Aéreas (ida e volta)","un",{"$f":"'CRO1_Ins-Pro'!D15","v":8},469,588.97,{"$f":"PFP3_FatorKc!$E$19","v":1.2558},3752,4711.76]
["PROP","EM","M1","Pen Drive 16 Gb","un",{"$f":"'CRO1_Ins-Pro'!D16","v":2},21.9,27.5,{"$f":"PFP3_FatorKc!$E$19","v":1.2558},43.8,{"$f":"ROUND(F20*H20,2)","v":55}]
["PROP","EM","M2","HD Externo 2 Tb","un",{"$f":"'CRO1_Ins-Pro'!D17","v":2},262.92,330.17,{"$f":"PFP3_FatorKc!$E$19","v":1.2558},525.84,{"$f":"ROUND(F21*H21,2)","v":660.34}]
["CODE","EM","M3","Relatório Impresso Parcial","un",{"$f":"'CRO1_Ins-Pro'!D18","v":25},33.35,41.88,{"$f":"PFP3_FatorKc!$E$19","v":1.2558},833.75,1047]
["CODE","EM","M4","Relatório Impresso Final","un",{"$f":"'CRO1_Ins-Pro'!D19","v":2},1478.8,1857.08,{"$f":"PFP3_FatorKc!$E$19","v":1.2558},2957.6,{"$f":"ROUND(F23*H23,2)","v":3714.16}]
["CODE","SG","TP","Total Serviços Cartográficos","un",{"$f":"'CRO1_Ins-Pro'!D20","v":1},"-",{"$f":"PFP1.1_Topo!G22","v":357748.68},"-","-",{"$f":"ROUND(F24*H24,2)","v":357748.68}]
["CODE","SG","GT","Total Serviços Geotécnicos","un",{"$f":"'CRO1_Ins-Pro'!D21","v":1},"-",{"$f":"PFP1.2_Geo!G49","v":908858.52999999991},"-","-",908858.53]
["TOTAL DOS CUSTOS DIRETOS",{"$nulls":6},{"$f":"SUM(J8:J25)","v":588097.79}]
["TOTAL DOS ENCARGOS E DISPESAS DIVERSAS",{"$nulls":6},{"$f":"H28-H26","v":752534.25999999978}]
["TOTAL DA PROPOSTA A PREÇO GLOBAL",{"$nulls":6},{"$f":"SUM(K8:K23)","v":1340632.0499999998}]
["TOTAL DA PROPOSTA A PREÇO UNITÁRIO",{"$nulls":6},{"$f":"SUM(K24:K25)","v":1266607.21}]
["TOTAL DA PROPOSTA",{"$nulls":6},{"$f":"H28+H29","v":2607239.2599999998}]
["NOME DO INFORMANTE:",{"$nulls":8},"QUALIFICAÇÃO"]
[]
["ASSINATURA:",{"$nulls":8},"DATA:"]
[]
["OBSERVAÇÃO:"]
["Alocar os Insumos MO, com respectivo FatorK, dentro da categoria de vínculo contratual (com ou sem) de cada tipo de profissional"]
["Uni - unidade de medição do insumo;"]
["Qde - Quantidade do Insumo (não pode ocorrer alteração pela Licitante)"]
["CUD - Custo Unitário Direto do Insumo (sem encargos, taxas e impostos, valor não pode ser maior que o Orçado pela Codevasf)"]
["CT - Custo Total (sem encargos, taxas e impostos) - CT = Qde x CUD"]
["FatorK - Taxa de Ressarcimento de Despesas e Encargos (detalhar composição nas Planilhas \"PFP2.1\", \"PFP2.2\", \"PFP3\")"]
["PU - Preço Unitário do Insumo (incluído encargos, taxas e impostos) - PU = CUD x FatorK"]
["PT - Preço Total do Insumo (incluído encargos, taxas e impostos) - PT = Qde x PU"]
["P - Profissionais nível superior nas áreas de Engenharia, Química, Arquitetura, Agronomia e Veterinária, conforme disposições da Lei 4.950-A/66"]
["S - Profissionais de nível superior nas demais áreas de atuação, incluindo Arqueólogo, Biólogo, Geógrafo e Socioólogo"]
["T - Profissionais de nível médio técnico nas diversas áreas de atuação"]
["A - Profissionais de nível médio de apoio técnico-administrativo"]

{"sheet":"PFP1.1_Topo","index":1,"n_rows":31,"n_cols":10,"rows_kept":31,"cut":false,"hidden":false,"merged":[[21,0,21,5],[4,0,4,3],[2,0,2,6],[3,0,3,6],[0,0,1,5],[5,0,5,3],[4,4,4,5],[5,4,5,5],[29,0,29,6],[30,0,30,6],[22,0,22,4],[24,0,24,4],[23,0,23,4],[25,0,25,4],[26,0,26,6],[27,0,27,6],[28,0,28,6]]}
["SERVIÇOS TOPOGRÁFICOS/CARTOGRÁFICOS",{"$nulls":5},"CODIGO:"]
[{"$nulls":6},"PFP-1.1"]
["NOME DA EMPRESA:"]
[]
["PROJETO:",null,null,null,"CONTRATANTE:",null,{"$f":"PFP!J5","v":"BASE:"}]
[{"$f":"PFP!A6","v":"Estudo de Viabilidade Técnica, Econômica e Ambiental e Anteprojeto da Ponte da Baía de São Marcos, no município de São Luís/MA"},null,null,null,{"$f":"PFP!F6","v":"Codevasf (Sede)"},null,{"$f":"PFP!J6","v":"maio/2022"},null,null,"2022-05-01"]
["Cod.","Base","Insumos","Uni","Qde","Preço Unitário (PU)","Preço Total (PT)"]
["TP01","CODE","Pontos GPS de dupla frequencia (L1/L2)","un ",6,900.98,{"$f":"ROUND(F8*E8,2)","v":5405.88}]
["TP02","CODE","Poligonal eletrônica classe IIP e implantação do eixo selecionado","km",5,1637.53,8187.65]
["TP03","CODE","Nivelamento Geométrico classe IIN","km",10,725.69,7256.9]
["TP04","CODE","Levantamento Planialtimetrico com RPA (VANT)\n","ha ",85,1157.19,{"$f":"ROUND(F11*E11,2)","v":98361.15}]
["TP05","CODE","Cadastro Físico (Faixa ADA- eixo estudado)","ha ",40,16.899999999999999,676]
["TP06","CODE","Cadastro Agrícola (Faixa ADA- eixo estudado)","ha ",40,5.63,225.2]
["TP07","CODE","Cadastro Jurídico (Faixa ADA- eixo estudado)","ha ",40,11.27,450.8]
["TP08","CODE","Cadastro Sócioeconomico (Faixa ADA-eixo)","ha ",40,3.76,150.4]
["TP09","CODE","Levantamentos Topobatimétricos","km",50,1170.0999999999999,58505]
["TP10","CODE","Levantamentos Ecobatimétricos","ha ",220,802.9,176638]
["TP11","CODE","Marco de Concreto (12x18x60cm)","un ",6,47.49,284.94]
["TP12","924/ORSE","Estacas Testemunhas (2x4x70cm)","un ",30,8,240]
["TP13","CODE","Piquetes de Madeira (2x2x20cm)","un ",300,2.41,723]
["TP14","CODE","Picada Manual","km",4,160.94,643.76]
["TOTAL SERVIÇOS TOPOGRÁFICOS",{"$nulls":5},{"$f":"SUM(G8:G21)","v":357748.68}]
["NOME DO INFORMANTE:",{"$nulls":4},"QUALIFICAÇÃO:"]
[]
["ASSINATURA:",{"$nulls":4},"DATA:"]
[]
["OBSERVAÇÃO:"]
["Uni - unidade de medição do insumo;"]
["Qde - Quantidade do Insumo (não pode ocorrer alteração pela Licitante)"]
["PU - Preço Unitário (composições padrão da Codevasf, já incluso o FatorK)"]
["PT - Preço Total (incluído encargos, taxas e impostos) - PT = Qde x PU"]

{"sheet":"PFP1.2_Geo","index":2,"n_rows":58,"n_cols":10,"rows_kept":58,"cut":false,"hidden":false,"merged":[[4,0,4,3],[4,4,4,5],[2,0,2,6],[3,0,3,6],[0,0,1,5],[48,0,48,5],[56,0,56,6],[5,0,5,3],[5,4,5,5],[57,0,57,6],[49,0,49,4],[50,0,50,4],[51,0,51,4],[52,0,52,4],[53,0,53,6],[54,0,54,6],[55,0,55,6]]}
["SERVIÇOS GEOLÓGICOS/GEOTÉCNICOS",{"$nulls":5},"CODIGO:"]
[{"$nulls":6},"PFP-1.2"]
["NOME DA EMPRESA:"]
[]
["PROJETO:",null,null,null,"CONTRATANTE:",null,{"$f":"PFP!J5","v":"BASE:"}]
[{"$f":"PFP!A6","v":"Estudo de Viabilidade Técnica, Econômica e Ambiental e Anteprojeto da Ponte da Baía de São Marcos, no município de São Luís/MA"},null,null,null,{"$f":"PFP!F6","v":"Codevasf (Sede)"},null,{"$f":"PFP!J6","v":"maio/2022"},null,null,"2022-05-01"]
["Cod.","Base","Insumos","Uni","Qde","Preço Unitário (PU)","Preço Total (PT)"]
["GT01","CODE","Sondagem Rotativa: (Des)Mobilização","un",10,3476.27,{"$f":"ROUND(F8*E8,2)","v":34762.699999999997}]
["GT02","CODE","Sondagem Rotativa: Ø N em rochas","m",500,695.99,{"$f":"ROUND(F9*E9,2)","v":347995}]
["GT03","CODE","Sondagem Rotativa: Ø B em solo","m",100,251.94,25194]
["GT04","CODE","Sondagem Rotativa: Desloc/Instalação 0-200 m","un",20,925.52,18510.400000000001]
["GT05","CODE","Sondagem Rotativa: Desloc/Instalação 201-500 m","un",10,1337.9,13379]
["GT06","CODE","Sondagem Rotativa: Desloc/Instalação >500 m","un",15,1750.28,26254.2]
["GT07","CODE","Sondagem Percussão: (Des)Mobilização","un",18,915.66,16481.88]
["GT08","CODE","Sondagem Percursão: com SPT","m",920,80.3,73876]
["GT09","CODE","Sondagem Percursão: Desloc/Instalação 0-200 m","un",35,729.07,25517.45]
["GT10","CODE","Sondagem Percursão: Desloc/Instalação 201-500 m","un",15,1051.55,15773.25]
["GT11","CODE","Sondagem Percursão: Desloc/Instalação >500 m","un",25,1374.03,34350.75]
["GT12","CODE","Sondagem Sismica de Refração","km",0.4,15383.74,6153.5]
["GT13","CODE","Sondagem Trado 4''","m",100,66.069999999999993,6607]
["GT14","CODE","Poços de Inspeção","m",200,186.25,37250]
["GT15","CODE","Ensaio: Umidade Natural ","un",50,76.89,3844.5]
["GT16","CODE","Ensaio: Densidade Natural","un",50,76.89,3844.5]
["GT17","CODE","Ensaio: Limite de Liquidez","un",50,105.99,5299.5]
["GT18","CODE","Ensaio: Limite de Plasticidade","un",50,105.99,5299.5]
["GT19","CODE","Ensaio: Granulometria por Peneiramento","un",50,117.06,5853]
["GT20","CODE","Ensaio: Granulometria por Sedimentação","un",50,358.11,17905.5]
["GT21","CODE","Ensaio: Compactação Proctor Normal","un",40,150.84,6033.6]
["GT22","CODE","Ensaio: Massa Especifica Real dos Grãos","un",50,99.89,4994.5]
["GT23","CODE","Ensaio: Adensamento Oedométrico","un",20,267.81,5356.2]
["GT24","CODE","Ensaio: Triaxial UU não consolidado não drenado","un",20,774.7,15494]
["GT25","CODE","Ensaio: Triaxial CU conslidado não drenado","un",20,1068.6500000000001,21373]
["GT26","CODE","Ensaio: Colapsividade em Anéis de Adensamento","un",20,359.82,7196.4]
["GT27","CODE","Ensaio: Expansão amostra indeformada com pressão de expansão","un",20,282.87,5657.4]
["GT28","CODE","Ensaio: Dispersão Granulometria Comparativa","un",20,214.7,4294]
["GT29","CODE","Ensaio: Dispersão Crumb Test","un",20,79.56,1591.2]
["GT30","CODE","Ensaio: Infiltração","un",20,214.7,4294]
["GT31","CODE","Ensaio: Perda de Água 5 estágios","un",20,339.22,6784.4]
["GT32","CODE","Ensaio: Análise Quimica da Areia","un",20,413.81,8276.2000000000007]
["GT33","CODE","Ensaio: Mineralogia da Areia","un",20,496.8,9936]
["GT34","CODE","Ensaio: Impureza Orgânica da Areia","un",20,90.55,1811]
["GT35","CODE","Ensaio: Material Pulverulento da Areia","un",20,181.15,3623]
["GT36","CODE","Ensaio: Análise Petrográfica/Mineralogia","un",20,474.87,9497.4]
["GT37","CODE","Ensaio: Reatividade Potencial","un",20,1297.1600000000001,25943.200000000001]
["GT38","CODE","Ensaio: Permeabilidade Vertical de Carga Variável","un",20,610.22,12204.4]
["GT39","CODE","Ensaio: Abrasão \"Los Angeles\"","um",20,388.82,7776.4]
["GT40","CODE","Ensaio: Permeabilidade \"in situ\"","un",20,479.95,9599]
["GT41","CODE","Ensaio: Retirada de Amostra Indeformada","un",20,648.58000000000004,12971.6]
["TOTAL SERVIÇOS GEOTÉCNICOS",{"$nulls":5},{"$f":"SUM(G8:G48)","v":908858.52999999991}]
["NOME DO INFORMANTE:",{"$nulls":4},"QUALIFICAÇÃO:"]
[]
["ASSINATURA:",{"$nulls":4},"DATA:"]
[]
["LEGENDA:"]
["Uni - unidade de medição do insumo;"]
["Qde - Quantidade do Insumo (não pode ocorrer alteração pela Licitante)"]
["PU - Preço Unitário (composições padrão da Codevasf, já incluso o FatorK)"]
["PT - Preço Total (incluído encargos, taxas e impostos) - PT = Qde x PU"]

{"sheet":"PFP2.1_FatorKa","index":3,"n_rows":49,"n_cols":10,"rows_kept":49,"cut":false,"hidden":false,"merged":[[36,1,36,3],[38,1,38,3],[39,1,39,3],[20,1,20,3],[21,1,21,3],[22,1,22,3],[23,1,23,3],[24,1,24,3],[26,1,26,3],[27,1,27,3],[28,1,28,3],[0,0,1,4],[2,0,2,5],[5,0,5,1],[5,2,5,4],[6,0,7,3],[6,4,6,5],[4,2,4,4],[3,0,3,5],[8,1,8,3],[18,1,18,3],[19,1,19,3],[9,1,9,3],[14,1,14,3],[15,1,15,3],[16,1,16,3],[17,1,17,3],[10,1,10,3],[11,1,11,3],[12,1,12,3],[13,1,13,3],[48,0,48,5],[47,0,47,5],[46,0,46,5],[45,0,45,5],[25,1,25,3],[33,1,33,3],[34,1,34,3],[43,0,43,3],[32,1,32,3],[29,1,29,3],[30,1,30,3],[31,1,31,3],[41,4,41,5],[40,4,40,5],[37,1,37,3],[35,1,35,3]]}
["DETALHAMENTO DOS ENCARGOS SOCIAIS: Ka",{"$nulls":4},"CODIGO:"]
[{"$nulls":5},"PFP-2.1"]
["NOME DA CONSULTORA:"]
[]
["PROJETO:",null,"CONTRATANTE:",null,null,{"$f":"PFP!J5","v":"BASE:"}]
[{"$f":"PFP1.2_Geo!A6","v":"Estudo de Viabilidade Técnica, Econômica e Ambiental e Anteprojeto da Ponte da Baía de São Marcos, no município de São Luís/MA"},null,{"$f":"PFP1.2_Geo!E6","v":"Codevasf (Sede)"},null,null,{"$f":"PFP!J6","v":"maio/2022"},null,null,null,"2022-05-01"]
["DISCRIMINAÇÃO",null,null,null,"VALORES"]
[{"$nulls":4},"%","R$"]
["A","ENCARGOS SOCIAIS BÁSICOS",null,null,{"$f":"ROUND(SUM(E10:E18),4)","v":0.378},{"$f":"ROUND(E9*PFP!H26,2)","v":222300.96}]
["A1","INSS",null,null,0.2,{"$f":"ROUND(E10*PFP!$H$26,2)","v":117619.56}]
["A2","SESI",null,null,1.4999999999999999E-2,{"$f":"ROUND(E11*PFP!$H$26,2)","v":8821.4699999999993}]
["A3","SENAI",null,null,0.01,{"$f":"ROUND(E12*PFP!$H$26,2)","v":5880.98}]
["A4","INCRA",null,null,2E-3,{"$f":"ROUND(E13*PFP!$H$26,2)","v":1176.2}]
["A5","SEBRAE",null,null,6.0000000000000001E-3,{"$f":"ROUND(E14*PFP!$H$26,2)","v":3528.59}]
["A6","Salário Educação",null,null,2.5000000000000001E-2,{"$f":"ROUND(E15*PFP!$H$26,2)","v":14702.44}]
["A7","Seguro Contra Acidente de Trabalho",null,null,0.03,{"$f":"ROUND(E16*PFP!$H$26,2)","v":17642.93}]
["A8","FGTS",null,null,0.08,{"$f":"ROUND(E17*PFP!$H$26,2)","v":47047.82}]
["A9","SECONCI",null,null,0.01,{"$f":"ROUND(E18*PFP!$H$26,2)","v":5880.98}]
["B"," ENCARGOS SOCIAIS QUE RECEBEM INCIDÊNCIA DE \"A\"",null,null,{"$f":"ROUND(SUM(E20:E29),4)","v":0.1552},{"$f":"ROUND(E19*PFP!$H$26,2)","v":91272.78}]
["B1","Repouso Semanal Remunerado",null,null,null,{"$f":"ROUND(E20*PFP!$H$26,2)","v":0}]
["B2","Feriádos",null,null,null,{"$f":"ROUND(E21*PFP!$H$26,2)","v":0}]
["B3","Auxílio - Enfermidade",null,null,6.8999999999999999E-3,{"$f":"ROUND(E22*PFP!$H$26,2)","v":4057.87}]
["B4","13º Salário",null,null,8.3299999999999999E-2,{"$f":"ROUND(E23*PFP!$H$26,2)","v":48988.55}]
["B5","Licença Paternidade",null,null,5.9999999999999995E-4,{"$f":"ROUND(E24*PFP!$H$26,2)","v":352.86}]
["B6","Faltas Justificadas",null,null,5.5999999999999999E-3,{"$f":"ROUND(E25*PFP!$H$26,2)","v":3293.35}]
["B7","Dias de Chuvas",null,null,null,{"$f":"ROUND(E26*PFP!$H$26,2)","v":0}]
["B8","Auxílio Acidente de Trabalho",null,null,8.9999999999999998E-4,{"$f":"ROUND(E27*PFP!$H$26,2)","v":529.29}]
["B9","Férias Gozadas",null,null,5.7599999999999998E-2,{"$f":"ROUND(E28*PFP!$H$26,2)","v":33874.43}]
["B10","Salário Maternidade",null,null,2.9999999999999997E-4,{"$f":"ROUND(E29*PFP!$H$26,2)","v":176.43}]
["C"," ENCARGOS SOCIAIS QUE NÃO RECEBEM INCIDÊNCIA DE \"A\"",null,null,{"$f":"ROUND(SUM(E31:E35),4)","v":0.1169},{"$f":"ROUND(E30*PFP!H26,2)","v":68748.63}]
["C1","Aviso Prévio Indenizado",null,null,3.6700000000000003E-2,{"$f":"ROUND(E31*PFP!$H$26,2)","v":21583.19}]
["C2","Aviso Prévio Trabalhado",null,null,8.9999999999999998E-4,{"$f":"ROUND(E32*PFP!$H$26,2)","v":529.29}]
["C3","Férias Indenizadas",null,null,4.53E-2,{"$f":"ROUND(E33*PFP!$H$26,2)","v":26640.83}]
["C4","Depósito Rescisão Sem Justa Causa",null,null,3.09E-2,{"$f":"ROUND(E34*PFP!$H$26,2)","v":18172.22}]
["C5","Indenização Adicional",null,null,3.0999999999999999E-3,{"$f":"ROUND(E35*PFP!$H$26,2)","v":1823.1}]
["D"," REINCIDÊNCIAS",null,null,{"$f":"ROUND(SUM(E37:E38),4)","v":6.2E-2},{"$f":"ROUND(E36*PFP!H26,2)","v":36462.06}]
["D1","Reincidência de \"A\" sobre \"B\"",null,null,{"$f":"ROUND(E9*E19,4)","v":5.8700000000000002E-2},{"$f":"ROUND(E37*PFP!$H$26,2)","v":34521.339999999997}]
["D2","Reincidência de \"A\" sobre Aviso Prévio Trabalhado e reincidência do FGTS sobre Aviso Prévio Indenizado",null,null,{"$f":"ROUND((E9*E32)+(E31*E17),4)","v":3.3E-3},{"$f":"ROUND(E38*PFP!$H$26,2)","v":1940.72}]
["K1","ENCARGOS SOCIAIS",null,null,{"$f":"ROUND(E9+E19+E30+E36,4)","v":0.71209999999999996},{"$f":"ROUND(E39*PFP!H26,2)","v":418784.44}]
["Ka","TAXA DE RESSARCIMENTO DE DESPESAS E ENCARGOS SOBRE MO CV",null,null,{"$f":"ROUND((1+E39+PFP3_FatorKc!E15)*(1+PFP3_FatorKc!E14)*(1+PFP3_FatorKc!E10),4)","v":2.3384}]
["NOME DO INFORMANTE:",null,null,null,"QUALIFICAÇÃO"]
[]
["ASSINATURA:",null,null,null,"DATA:"]
[]
["OBSERVAÇÃO:"]
["1 - DISCRIMINAR OS ENCARGOS SOCIAIS COM SEUS RESPECTIVOS PERCENTUAS TOTALIZANDO OS MESMOS. "]
["2 - APLICAR O  % TOTAL P/ CALCULAR OS E. SOCIAIS INCIDENTES NA MÃO-DE-OBRA COM VÍNCULO PERMANENTE"]
["Ka - Taxa de Ressarcimento de Despesas e Encargos sobre a Mão de Obra COM VINCULO (incide apenas no Insumo Codigo M.O.)"]
["Ka = (1 + K1 + K2) x (1 + K3) x (1 + K4)"]

{"sheet":"PFP2.2_FatorKb","index":4,"n_rows":49,"n_cols":10,"rows_kept":49,"cut":false,"hidden":false,"merged":[[20,1,20,3],[0,0,1,4],[2,0,2,5],[3,0,3,5],[4,2,4,4],[5,0,5,1],[5,2,5,4],[6,0,7,3],[6,4,6,5],[8,1,8,3],[18,1,18,3],[19,1,19,3],[35,1,35,3],[21,1,21,3],[22,1,22,3],[23,1,23,3],[24,1,24,3],[25,1,25,3],[29,1,29,3],[30,1,30,3],[31,1,31,3],[32,1,32,3],[33,1,33,3],[34,1,34,3],[26,1,26,3],[27,1,27,3],[28,1,28,3],[36,1,36,3],[37,1,37,3],[38,1,38,3],[39,1,39,3],[40,4,40,5],[48,0,48,5],[41,4,41,5],[43,0,43,3],[45,0,45,5],[46,0,46,5],[47,0,47,5]]}
["DETALHAMENTO DOS ENCARGOS SOCIAIS: Kb",{"$nulls":4},"CODIGO:"]
[{"$nulls":5},"PFP-2.2"]
["NOME DA CONSULTORA:"]
[]
["PROJETO:",null,"CONTRATANTE:",null,null,{"$f":"PFP2.1_FatorKa!F5","v":"BASE:"}]
[{"$f":"PFP!A6","v":"Estudo de Viabilidade Técnica, Econômica e Ambiental e Anteprojeto da Ponte da Baía de São Marcos, no município de São Luís/MA"},null,{"$f":"PFP!F6","v":"Codevasf (Sede)"},null,null,{"$f":"PFP!J6","v":"maio/2022"},null,null,null,"2022-05-01"]
["DISCRIMINAÇÃO",null,null,null,"VALORES"]
[{"$nulls":4},"%","R$"]
["A","ENCARGOS SOCIAIS BÁSICOS",null,null,{"$f":"ROUND(SUM(E10:E18),4)","v":0.2},{"$f":"ROUND(E9*PFP!$H$26,2)","v":117619.56}]
["A1","INSS",null,null,0.2,{"$f":"ROUND(E10*PFP!$H$26,2)","v":117619.56}]
["A2","SESI",null,null,0,{"$f":"ROUND(E11*PFP!$H$26,2)","v":0}]
["A3","SENAI",null,null,0,{"$f":"ROUND(E12*PFP!$H$26,2)","v":0}]
["A4","INCRA",null,null,0,{"$f":"ROUND(E13*PFP!$H$26,2)","v":0}]
["A5","SEBRAI",null,null,0,{"$f":"ROUND(E14*PFP!$H$26,2)","v":0}]
["A6","Salário Educação",null,null,0,{"$f":"ROUND(E15*PFP!$H$26,2)","v":0}]
["A7","Seguro contra acidentes de Trabalho",null,null,0,{"$f":"ROUND(E16*PFP!$H$26,2)","v":0}]
["A8","FGTS",null,null,0,{"$f":"ROUND(E17*PFP!$H$26,2)","v":0}]
["A9","SECONCI",null,null,0,{"$f":"ROUND(E18*PFP!$H$26,2)","v":0}]
["B"," ENCARGOS SOCIAIS QUE RECEBEM INCIDÊNCIA DE \"A\"",null,null,{"$f":"ROUND(SUM(E20:E29),4)","v":0},{"$f":"ROUND(E19*PFP!$H$26,2)","v":0}]
["B1","Repouso Semanal Remunerado",null,null,0,{"$f":"ROUND(E20*PFP!$H$26,2)","v":0}]
["B2","Feriádos",null,null,0,{"$f":"ROUND(E21*PFP!$H$26,2)","v":0}]
["B3","Auxílio - Enfermidade",null,null,0,{"$f":"ROUND(E22*PFP!$H$26,2)","v":0}]
["B4","13º Salário",null,null,0,{"$f":"ROUND(E23*PFP!$H$26,2)","v":0}]
["B5","Licença Paternidade",null,null,0,{"$f":"ROUND(E24*PFP!$H$26,2)","v":0}]
["B6","Faltas Justificadas",null,null,0,{"$f":"ROUND(E25*PFP!$H$26,2)","v":0}]
["B7","Dias de Chuvas",null,null,0,{"$f":"ROUND(E26*PFP!$H$26,2)","v":0}]
["B8","Auxílio Acidente de Trabalho",null,null,0,{"$f":"ROUND(E27*PFP!$H$26,2)","v":0}]
["B9","Férias Gozadas",null,null,0,{"$f":"ROUND(E28*PFP!$H$26,2)","v":0}]
["B10","Salário Maternidade",null,null,0,{"$f":"ROUND(E29*PFP!$H$26,2)","v":0}]
["C"," ENCARGOS SOCIAIS QUE NÃO RECEBEM INCIDÊNCIA DE \"A\"",null,null,{"$f":"ROUND(SUM(E31:E35),4)","v":0},{"$f":"ROUND(E30*PFP!$H$26,2)","v":0}]
["C1","Aviso Prévio Indenizado",null,null,0,{"$f":"ROUND(E31*PFP!$H$26,2)","v":0}]
["C2","Aviso Prévio Trabalhado",null,null,0,{"$f":"ROUND(E32*PFP!$H$26,2)","v":0}]
["C3","Férias Indenizadas",null,null,0,{"$f":"ROUND(E33*PFP!$H$26,2)","v":0}]
["C4","Depósito Rescisão Sem Justa Causa",null,null,0,{"$f":"ROUND(E34*PFP!$H$26,2)","v":0}]
["C5","Indenização Adicional",null,null,0,{"$f":"ROUND(E35*PFP!$H$26,2)","v":0}]
["D"," REINCIDÊNCIAS",null,null,{"$f":"ROUND(SUM(E37:E38),4)","v":0},{"$f":"ROUND(E36*PFP!$H$26,2)","v":0}]
["D1","Reincidência de \"A\" sobre \"B\"",null,null,{"$f":"ROUND(E9*E19,4)","v":0},{"$f":"ROUND(E37*PFP!$H$26,2)","v":0}]
["D2","Reincidência de \"A\" sobre Aviso Prévio Trabalhado e reincidência do FGTS sobre Aviso Prévio Indenizado",null,null,{"$f":"ROUND(E10*E20,4)","v":0},{"$f":"ROUND(E38*PFP!$H$26,2)","v":0}]
["K1","ENCARGOS SOCIAIS",null,null,{"$f":"ROUND(E9+E19+E30+E36,4)","v":0.2},{"$f":"ROUND(E39*PFP!$H$26,2)","v":117619.56}]
["Kb","TAXA DE RESSARCIMENTO DE DESPESAS E ENCARGOS SOBRE MO SV",null,null,{"$f":"ROUND((1+E39+PFP3_FatorKc!E15)*(1+PFP3_FatorKc!E14)*(1+PFP3_FatorKc!E10),4)","v":1.6953}]
["NOME DO INFORMANTE:",null,null,null,"QUALIFICAÇÃO"]
[]
["ASSINATURA:",null,null,null,"DATA:"]
[]
["OBSERVAÇÃO:"]
["1 - DISCRIMINAR OS ENCARGOS SOCIAIS COM SEUS RESPECTIVOS PERCENTUAS TOTALIZANDO OS MESMOS. "]
["2 - APLICAR O % TOTAL P/ CALCULAR OS E. SOCIAIS INCIDENTES NA MÃO-DE-OBRA SEM VÍNCULO PERMANENTE"]
["Kb - Taxa de Ressarcimento de Despesas e Encargos sobre a Mão de Obra SEM VINCULO (incide apenas no Insumo Codigo M.O.)"]
["Kb = (1 + K1 + K2) x (1 + K3) x (1 + K4)"]

{"sheet":"PFP3_FatorKc","index":5,"n_rows":37,"n_cols":10,"rows_kept":37,"cut":false,"hidden":false,"merged":[[35,0,35,5],[36,0,36,5],[18,1,18,3],[15,1,15,3],[16,1,16,3],[17,1,17,3],[23,0,23,5],[28,0,28,5],[29,0,29,5],[24,0,24,5],[25,0,25,5],[26,0,26,5],[30,0,30,5],[31,0,31,5],[32,0,32,5],[33,0,33,5],[0,0,1,4],[2,0,2,5],[5,0,5,1],[5,2,5,4],[4,2,4,4],[3,0,3,5],[6,3,6,5],[6,0,7,2],[34,0,34,5],[14,1,14,3],[13,1,13,3],[10,1,10,2],[11,1,11,2],[12,1,12,2],[8,0,9,0],[8,1,9,2],[27,0,27,5]]}
["DESPESAS FISCAIS E CUSTOS DIVERSOS: Kc",{"$nulls":4},"CODIGO:"]
[{"$nulls":5},"PFP-3"]
["NOME DA CONSULTORA:"]
[]
["PROJETO:",null,"CONTRATANTE:",null,null,{"$f":"PFP!J5","v":"BASE:"}]
[{"$f":"PFP!A6","v":"Estudo de Viabilidade Técnica, Econômica e Ambiental e Anteprojeto da Ponte da Baía de São Marcos, no município de São Luís/MA"},null,{"$f":"PFP!F6","v":"Codevasf (Sede)"},null,null,{"$f":"PFP!J6","v":"maio/2022"},null,null,null,"2022-05-01"]
["DISCRIMINAÇÃO 1",null,null,"VALORES"]
[null,null,null,"% preço","% custo","R$"]
["K4","DESPESAS FISCAIS",null,"K' (%)2","K (%)3"]
[null,null,null,{"$f":"ROUND(D11+D12+D13,4)","v":0.124},{"$f":"ROUND(E11+E12+E13,4)","v":0.1416},{"$f":"E10*SUM((PFP!$J$11+PFP!$J$12+PFP!$J$15+PFP!$J$16)*(1+PFP2.1_FatorKa!$E$39)+((PFP!$J$8+PFP!$J$10)*(1+PFP2.2_FatorKb!$E$39))+(PFP!$J$17+PFP!$J$18+PFP!$J$19+PFP!$J$20+PFP!$J$21+PFP!$J$22+PFP!$J$23)+PFP3_FatorKc!$F$15)","v":110885.09316924722}]
[1,"ISS",null,0.05,{"$f":"ROUND((1/(1-$D$10))*D11,4)","v":5.7099999999999998E-2},{"$f":"E11*SUM((PFP!$J$11+PFP!$J$12+PFP!$J$15+PFP!$J$16)*(1+PFP2.1_FatorKa!$E$39)+((PFP!$J$8+PFP!$J$10)*(1+PFP2.2_FatorKb!$E$39))+(PFP!$J$17+PFP!$J$18+PFP!$J$19+PFP!$J$20+PFP!$J$21+PFP!$J$22+PFP!$J$23)+PFP3_FatorKc!$F$15)","v":44714.257203135705}]
[2,"PIS - aliquota efetiva com percentual-desconto de 20%",null,1.32E-2,{"$f":"ROUND((1/(1-$D$10))*D12,4)","v":1.5100000000000001E-2},{"$f":"E12*SUM((PFP!$J$11+PFP!$J$12+PFP!$J$15+PFP!$J$16)*(1+PFP2.1_FatorKa!$E$39)+((PFP!$J$8+PFP!$J$10)*(1+PFP2.2_FatorKb!$E$39))+(PFP!$J$17+PFP!$J$18+PFP!$J$19+PFP!$J$20+PFP!$J$21+PFP!$J$22+PFP!$J$23)+PFP3_FatorKc!$F$15)","v":11824.610924121702}]
[3,"COFINS - aliquota efetiva com percentual-desconto de 20%",null,6.08E-2,{"$f":"ROUND((1/(1-$D$10))*D13,4)","v":6.9400000000000003E-2},{"$f":"E13*SUM((PFP!$J$11+PFP!$J$12+PFP!$J$15+PFP!$J$16)*(1+PFP2.1_FatorKa!$E$39)+((PFP!$J$8+PFP!$J$10)*(1+PFP2.2_FatorKb!$E$39))+(PFP!$J$17+PFP!$J$18+PFP!$J$19+PFP!$J$20+PFP!$J$21+PFP!$J$22+PFP!$J$23)+PFP3_FatorKc!$F$15)","v":54346.225041989812}]
["K3","REMUNERAÇÃO DA EMPRESA (LUCRO)",null,null,0.1,{"$f":"E14*SUM((PFP!$J$11+PFP!$J$12+PFP!$J$15+PFP!$J$16)*(1+PFP2.1_FatorKa!$E$39)+((PFP!$J$8+PFP!$J$10)*(1+PFP2.2_FatorKb!$E$39))+(PFP!$J$17+PFP!$J$18+PFP!$J$19+PFP!$J$20+PFP!$J$21+PFP!$J$22+PFP!$J$23)+PFP3_FatorKc!$F$15)","v":78308.681616700007}]
["K2","CUSTOS DA ADMINISTRAÇÃO CENTRAL",null,null,{"$f":"ROUND(SUM(E16:E18),4)","v":0.15},{"$f":"ROUND(E15*(PFP!$H$26),2)","v":88214.67}]
[4,"Custos da administração central da empresa (diretoria, pessoal técnico de apoio e pessoal administrativo não diretamente vinculado à prestação dos serviços)",null,null,0.1,{"$f":"ROUND(E16*(PFP!$H$26),2)","v":58809.78}]
[5,"Outras despesas que afetam o custo de produção como treinamento, biblioteca, programa de qualidade, programa de benefícios, auditoria interna e externa",null,null,0.03,{"$f":"ROUND(E17*(PFP!$H$26),2)","v":17642.93}]
[6,"Despesas fixas e variaveis com patrimônio, aluguéis, comunicação, manutenção e transporte não diretamente relacionados com o custo direto dos serviços",null,null,0.02,{"$f":"ROUND(E18*(PFP!$H$26),2)","v":11761.96}]
["Kc","TAXA RESSARCIMENTO DE DESPESAS SOBRE CUSTOS DIVERSOS",null,null,{"$f":"ROUND((1+E14)*(1+E10),4)","v":1.2558}]
["NOME DO INFORMANTE:",null,null,null,"QUALIFICAÇÃO:"]
[]
["ASSINATURA:",null,null,null,"DATA:"]
[]
["Observação:"]
["1 - RELACIONAR OS CUSTOS DE ADMINISTRAÇÃO COM RESPECTIVOS PERCENTUAIS INCIDENTES NA MÃO -DE-OBRA"]
["1 - DISCRIMINAR OS TRIBUTOS QUE INCIDEM SOBRE OS CUSTOS DA PRESTAÇÃO DOS SERVIÇOS"]
["2 - K4 = INDICAR % DE CADA TRIBUTO E A SOMA DOS MESMOS "]
["3 - PIS e COFINS, Regime de Incidencia Acumulativa ou em Regime de Incidencia Não Acumulativa de acordo com a forma de apuração do lucro no IRPJ. APRESENTAR COMPROVANTES de aproveitamento de créditos tributários dos últimos 12 meses em caso de aplicação de \"percentual de desconto\"."]
["4 - AS DESPESAS FISCAIS (K4) INCIDEM SOBRE O TOTAL DA FATURA E NÃO SOBRE OS CUSTOS INCORRIDOS, "]
["     DEVENDO SER CALCULADO O K4' APLICANDO-SE A SEGUINTE FÓRMULA:"]
["     K4' = { [ 1 / ( 1 - K4) ] - 1 } x 100"]
[{"$f":"CONCATENATE(\"     K4' = { [ 1 / ( 1 - \",D10,\" ) ] - 1 } x 100\")","v":"     K4' = { [ 1 / ( 1 - 0,124 ) ] - 1 } x 100"}]
["Kc - Taxa de Ressarcimento de Despesas sobre Custos Diversos (incide sobre os Insumos Codigo DP e ME)"]
["Kc = (1 + K3) x (1 + K4)"]
["K2 - Incide sobre o Custo Total (CT) da Mão de Obra (MO)"]
["K3 - Incide sobre o Custo Total (CT) Mão de Obra com encargos (MO x Ka ou Kb), demais Custos (DP e EQ), e Custos da Administração Central (K2)"]
["K4 -  Incide sobre o Custo Total (CT) Mão de Obra com encargos (MO x Ka ou Kb), demais Custos (DP e EQ), e Custos da Administração Central (K2) e Lucro (K3)"]

{"sheet":"CRO1_Ins-Pro","index":6,"n_rows":28,"n_cols":10,"rows_kept":28,"cut":false,"hidden":false,"merged":[[43,7,43,8],[21,0,22,0],[21,1,22,1],[0,0,1,5],[24,0,24,8],[25,0,25,8],[26,0,26,8],[1,6,1,9],[0,6,0,9]]}
["INSUMOS POR ETAPA/PRODUTO",{"$nulls":5},"CODIGO:"]
[{"$nulls":6},"CRO-1"]
["Cod.","Categoria / Insumo","Uni","Qde","CUD","PU","FatorK","1. EVTEA","2. Anteprojeto","Rel. Final"]
["P0","Engenheiro Sênior (Coordenador)","mês",{"$f":"SUM(H4:I4)","v":8},{"$f":"PFP!G8","v":16871.009999999998},{"$f":"ROUND(E4*G4,2)","v":39451.17},{"$f":"PFP!I8","v":2.3384},{"$f":"'CRO2_Ins-Mes'!E25","v":5},{"$f":"'CRO2_Ins-Mes'!E42","v":3}]
["C","Consultor","mês",{"$f":"SUM(H5:I5)","v":1},{"$f":"PFP!G9","v":20245.21},34321.699999999997,{"$f":"PFP!I9","v":1.6953},{"$f":"'CRO2_Ins-Mes'!E26","v":1},{"$f":"'CRO2_Ins-Mes'!E43","v":0}]
["P1","Engenheiro Sênior","mês",12,{"$f":"PFP!G10","v":14169.06},33132.93,{"$f":"PFP!I10","v":2.3384},{"$f":"'CRO2_Ins-Mes'!E27","v":7},{"$f":"'CRO2_Ins-Mes'!E44","v":5}]
["P2","Engenheiro Pleno","mês",12,{"$f":"PFP!G11","v":10767.48},25178.68,{"$f":"PFP!I11","v":2.3384},{"$f":"'CRO2_Ins-Mes'!E28","v":8},{"$f":"'CRO2_Ins-Mes'!E45","v":4}]
["P3","Engenheiro Júnior","mês",3,{"$f":"PFP!G12","v":10302},24090.2,{"$f":"PFP!I12","v":2.3384},{"$f":"'CRO2_Ins-Mes'!E29","v":2},{"$f":"'CRO2_Ins-Mes'!E46","v":1}]
["T1","Técnico Sênior","mês",9,{"$f":"PFP!G13","v":4012.52},{"$f":"ROUND(E9*G9,2)","v":9382.8799999999992},{"$f":"PFP!I13","v":2.3384},{"$f":"'CRO2_Ins-Mes'!E30","v":5},{"$f":"'CRO2_Ins-Mes'!E47","v":4}]
["T2","Técnico Pleno","mês",9,{"$f":"PFP!G14","v":2930.24},6852.07,{"$f":"PFP!I14","v":2.3384},{"$f":"'CRO2_Ins-Mes'!E31","v":5},{"$f":"'CRO2_Ins-Mes'!E48","v":4}]
["T3","Técnico Junior","mês",9,{"$f":"PFP!G15","v":2260.39},5285.7,{"$f":"PFP!I15","v":2.3384},{"$f":"'CRO2_Ins-Mes'!E32","v":5},{"$f":"'CRO2_Ins-Mes'!E49","v":4}]
["A1","Administrativo (Secretariado)","dia",0,{"$f":"PFP!G16","v":3134.86},7330.56,{"$f":"PFP!I16","v":2.3384},{"$f":"'CRO2_Ins-Mes'!E33","v":0},{"$f":"'CRO2_Ins-Mes'!E50","v":0}]
["V1","Diárias","dia",40,{"$f":"PFP!G17","v":132},165.77,{"$f":"PFP!I17","v":1.2558},{"$f":"'CRO2_Ins-Mes'!E34","v":27},{"$f":"'CRO2_Ins-Mes'!E51","v":13}]
["V2","Aluguel Hatch 1.6 flex s/ Motorista","un",2,{"$f":"PFP!G18","v":3259.34},4093.08,{"$f":"PFP!I18","v":1.2558},{"$f":"'CRO2_Ins-Mes'!E35","v":1},{"$f":"'CRO2_Ins-Mes'!E52","v":1}]
["V4","Passagens Aéreas (ida e volta)","un",8,{"$f":"PFP!G19","v":469},588.97,{"$f":"PFP!I19","v":1.2558},{"$f":"'CRO2_Ins-Mes'!E36","v":6},{"$f":"'CRO2_Ins-Mes'!E53","v":2}]
["M1","Pen Drive 16 Gb","un",2,{"$f":"PFP!G20","v":21.9},27.5,{"$f":"PFP!I20","v":1.2558},{"$f":"'CRO2_Ins-Mes'!E37","v":1},{"$f":"'CRO2_Ins-Mes'!E54","v":1}]
["M2","HD Externo 2 Tb","un",2,{"$f":"PFP!G21","v":262.92},330.17,{"$f":"PFP!I21","v":1.2558},{"$f":"'CRO2_Ins-Mes'!E38","v":1},{"$f":"'CRO2_Ins-Mes'!E55","v":1}]
["M3","Relatório Parcial","un",25,{"$f":"PFP!G22","v":33.35},41.88,{"$f":"PFP!I22","v":1.2558},{"$f":"'CRO2_Ins-Mes'!E39","v":15},{"$f":"'CRO2_Ins-Mes'!E56","v":10}]
["M4","Relatório Final","un",2,{"$f":"PFP!G23","v":1478.8},1857.08,{"$f":"PFP!I23","v":1.2558},{"$f":"'CRO2_Ins-Mes'!E40","v":1},{"$f":"'CRO2_Ins-Mes'!E57","v":1}]
["TP","Total Serviços Cartográficos","un",1,{"$f":"PFP!G24","v":"-"},{"$f":"PFP!H24","v":357748.68},{"$f":"PFP!I24","v":"-"},0,1]
["GT","Total Serviços Geotécnicos","um",1,{"$f":"PFP!G25","v":"-"},{"$f":"PFP!H25","v":908858.52999999991},{"$f":"PFP!I25","v":"-"},0,1]
["TOTAL","VALOR POR PRODUTO","R$",{"$f":"SUM(H22:J22)","v":2607239.2599999998},null,null,null,{"$f":"SUMPRODUCT(H4:H21,$F$4:$F$21)*0.8","v":668533.43200000003},{"$f":"SUMPRODUCT(I4:I21,$F$4:$F$21)*0.8","v":1417257.9759999998},{"$f":"(H22/0.8+I22/0.8)*0.2","v":521447.85199999996}]
[null,null,"%",{"$f":"SUM(H23:J23)","v":1},null,null,null,{"$f":"ROUND(H22/$D$22,5)","v":0.25641000000000003},{"$f":"ROUND(I22/$D$22,5)","v":0.54359000000000002},{"$f":"ROUND(J22/$D$22,5)","v":0.2}]
["OBSERVAÇÃO:"]
["P - Profissionais nível superior nas áreas de Engenharia, Química, Arquitetura, Agronomia e Veterinária, conforme disposições da Lei 4.950-A/66"]
["S - Profissionais de nível superior nas demais áreas de atuação, incluindo Arqueólogo, Biólogo, Geógrafo e Socioólogo"]
["T - Profissionais de nível médio técnico nas diversas áreas de atuação"]
["A - Profissionais de nível médio de apoio técnico-administrativo"]

{"sheet":"CRO2_Ins-Mes","index":7,"n_rows":61,"n_cols":16366,"rows_kept":61,"cut":false,"hidden":false,"merged":[[0,0,1,16],[84,5,84,16]]}
["CRONOGRAMA SIMPLIFICADO"]
[]
["Cod1","Cod2","Produtos","Uni","Qde",1,2,3,4,5,6,7,8,9,10,11,12,11,11,11,11,11,11,11,11,11,11,11,11,11,11,11,11,11,11,11,11,11,11,11,11,11,11,11,11,11,11,11,11,11,11,11,11,11,11,11,11,11,11,11,11,11,11,11,11,11,11,11,11,11,11,11,11,11,11,11,11,11,11,11,11,11,11,11,11,11,11,11,11,11,11,11,11,11,11,11,11,11,11,11,11,11,11,11,11,11,11,11,11,11,11,11,11,11,11,11,11,11,11,11,11,11,11,11,11,11,11,11,11,11,11,11,11,11,11,11,11,11,11,11,11,11,11,11,11,11,11,11,11,11,11,11,11,11,11,11,11,11,11,11,11,11,11,11,11,11,11,11,11,11,11,11,11,11,11,11,11,11,11,11,11,11,11,11,11,11,11,11,11,11,11,11,11,11,11,11,11,11,11,11,11,11,11,11,11,11,11,11,11,11,11,11,11,11,11,11,11,11,11,11,11,11,11,11,11,11,11,11,11,11,11,11,11,11,11,11,11,11,11,11,11,11,11,11,11,11,11,11,11,11,11,11,11,11,11,11,11,11,11,11,11,11,11,11,11,11,11,11,11,11,11,11,11,11,11,11,11,11,11,11,11,11,11,11,11,11,11,11,11,11,11,11,11,11,11,11,11,11,11,11,11,11,11,11,11,11,11,11,11,11,11,11,11,11,11,11,11,11,11,11,11,11,11,11,11,11,11,11,11,11,11,11,11,11,11,11,11,11,11,11,11,11,11,11,11,11,11,11,11,11,11,11,11,11,11,11,11,11,11,11,11,11,11,11,11,11,11,11,11,11,11,11,11,11,11,11,11,11,11,11,11,11,11,11,11,11,11,11,11,11,11,11,11,11,11,11,11,11,11,11,11,11,11,11,11,11,11,11,11,11,11,11,11,11,11,11,11,11,11,11,11,11,11,11,11,11,11,11,11,11,11,11,11,11,11,11,11,11,11,11,11,11,11,11,11,11,11,11,11,11,11,11,11,11,11,11,11,11,11,11,11,11,11,11,11,11,11,11,11,11,11,11,11,11,11,11,11,11,11,11,11,11,11,11,11,11,11,11,11,11,11,11,11,11,11,11,11,11,11,11,11,11,11,11,11,11,11,11,11,11,11,11,11,11,11,11,11,11,11,11,11,11,11,11,11,11,11,11,11,11,11,11,11,11,11,11,11,11,11,11,11,11,11,11,11,11,11,11,11,11,11,11,11,11,11,11,11,11,11,11,11,11,11,11,11,11,11,11,11,11,11,11,11,11,11,11,11,11,11,11,11,11,11,11,11,11,11,11,11,11,11,11,11,11,11,11,11,11,11,11,11,11,11,11,11,11,11,11,11,11,11,11,11,11,11,11,11,11,11,11,11,11,11,11,11,11,11,11,11,11,11,11,11,11,11,11,11,11,11,11,11,11,11,11,11,11,11,11,11,11,11,11,11,11,11,11,11,11,11,11,11,11,11,11,11,11,11,11,11,11,11,11,11,11,11,11,11,11,11,11,11,11,11,11,11,11,11,11,11,11,11,11,11,11,11,11,11,11,11,11,11,11,11,11,11,11,11,11,11,11,11,11,11,11,11,11,11,11,11,11,11,11,11,11,11,11,11,11,11,11,11,11,11,11,11,11,11,11,11,11,11,11,11,11,11,11,11,11,11,11,11,11,11,11,11,11,11,11,11,11,11,11,11,11,11,11,11,11,11,11,11,11,11,11,11,11,11,11,11,11,11,11,11,11,11,11,11,11,11,11,11,11,11,11,11,11,11,11,11,11,11,11,11,11,11,11,11,11,11,11,11,11,11,11,11,11,11,11,11,11,11,11,11,11,11,11,11,11,11,11,11,11,11,11,11,11,11,11,11,11,11,11,11,11,11,11,11,11,11,11,11,11,11,11,11,11,11,11,11,11,11,11,11,11,11,11,11,11,11,11,11,11,11,11,11,11,11,11,11,11,11,11,11,11,11,11,11,11,11,11,11,11,11,11,11,11,11,11,11,11,11,11,11,11,11,11,11,11,11,11,11,11,11,11,11,11,11,11,11,11,11,11,11,11,11,11,11,11,11,11,11,11,11,11,11,11,11,11,11,11,11,11,11,11,11,11,11,11,11,11,11,11,11,11,11,11,11,11,11,11,11,11,11,11,11,11,11,11,11,11,11,11,11,11,11,11,11,11,11,11,11,11,11,11,11,11,11,11,11,11,11,11,11,11,11,11,11,11,11,11,11,11,11,11,11,11,11,11,11,11,11,11,11,11,11,11,11,11,11,11,11,11,11,11,11,11,11,11,11,11,11,11,11,11,11,11,11,11,11,11,11,11,11,11,11,11,11,11,11,11,11,11,11,11,11,11,11,11,11,11,11,11,11,11,11,11,11,11,11,11,11,11,11,11,11,11,11,11,11,11,11,11,11,11,11,11,11,11,11,11,11,11,11,11,11,11,11,11,11,11,11,11,11,11,11,11,11,11,11,11,11,11,11,11,11,11,11,11,11,11,11,11,11,11,11,11,11,11,11,11,11,11,11,11,11,11,11,11,11,11,11,11,11,11,11,11,11,11,11,11,11,11,11,11,11,11,11,11,11,11,11,11,11,11,11,11,11,11,11,11,11,11,11,11,11,11,11,11,11,11,11,11,11,11,11,11,11,11,11,11,11,11,11,11,11,11,11,11,11,11,11,11,11,11,11,11,11,11,11,11,11,11,11,11,11,11,11,11,11,11,11,11,11,11,11,11,11,11,11,11,11,11,11,11,11,11,11,11,11,11,11,11,11,11,11,11,11,11,11,11,11,11,11,11,11,11,11,11,11,11,11,11,11,11,11,11,11,11,11,11,11,11,11,11,11,11,11,11,11,11,11,11,11,11,11,11,11,11,11,11,11,11,11,11,11,11,11,11,11,11,11,11,11,11,11,11,11,11,11,11,11,11,11,11,11,11,11,11,11,11,11,11,11,11,11,11,11,11,11,11,11,11,11,11,11,11,11,11,11,11,11,11,11,11,11,11,11,11,11,11,11,11,11,11,11,11,11,11,11,11,11,11,11,11,11,11,11,11,11,11,11,11,11,11,11,11,11,11,11,11,11,11,11,11,11,11,11,11,11,11,11,11,11,11,11,11,11,11,11,11,11,11,11,11,11,11,11,11,11,11,11,11,11,11,11,11,11,11,11,11,11,11,11,11,11,11,11,11,11,11,11,11,11,11,11,11,11,11,11,11,11,11,11,11,11,11,11,11,11,11,11,11,11,11,11,11,11,11,11,11,11,11,11,11,11,11,11,11,11,11,11,11,11,11,11,11,11,11,11,11,11,11,11,11,11,11,11,11,11,11,11,11,11,11,11,11,11,11,11,11,11,11,11,11,11,11,11,11,11,11,11,11,11,11,11,11,11,11,11,11,11,11,11,11,11,11,11,11,11,11,11,11,11,11,11,11,11,11,11,11,11,11,11,11,11,11,11,11,11,11,11,11,11,11,11,11,11,11,11,11,11,11,11,11,11,11,11,11,11,11,11,11,11,11,11,11,11,11,11,11,11,11,11,11,11,11,11,11,11,11,11,11,11,11,11,11,11,11,11,11,11,11,11,11,11,11,11,11,11,11,11,11,11,11,11,11,11,11,11,11,11,11,11,11,11,11,11,11,11,11,11,11,11,11,11,11,11,11,11,11,11,11,11,11,11,11,11,11,11,11,11,11,11,11,11,11,11,11,11,11,11,11,11,11,11,11,11,11,11,11,11,11,11,11,11,11,11,11,11,11,11,11,11,11,11,11,11,11,11,11,11,11,11,11,11,11,11,11,11,11,11,11,11,11,11,11,11,11,11,11,11,11,11,11,11,11,11,11,11,11,11,11,11,11,11,11,11,11,11,11,11,11,11,11,11,11,11,11,11,11,11,11,11,11,11,11,11,11,11,11,11,11,11,11,11,11,11,11,11,11,11,11,11,11,11,11,11,11,11,11,11,11,11,11,11,11,11,11,11,11,11,11,11,11,11,11,11,11,11,11,11,11,11,11,11,11,11,11,11,11,11,11,11,11,11,11,11,11,11,11,11,11,11,11,11,11,11,11,11,11,11,11,11,11,11,11,11,11,11,11,11,11,11,11,11,11,11,11,11,11,11,11,11,11,11,11,11,11,11,11,11,11,11,11,11,11,11,11,11,11,11,11,11,11,11,11,11,11,11,11,11,11,11,11,11,11,11,11,11,11,11,11,11,11,11,11,11,11,11,11,11,11,11,11,11,11,11,11,11,11,11,11,11,11,11,11,11,11,11,11,11,11,11,11,11,11,11,11,11,11,11,11,11,11,11,11,11,11,11,11,11,11,11,11,11,11,11,11,11,11,11,11,11,11,11,11,11,11,11,11,11,11,11,11,11,11,11,11,11,11,11,11,11,11,11,11,11,11,11,11,11,11,11,11,11,11,11,11,11,11,11,11,11,11,11,11,11,11,11,11,11,11,11,11,11,11,11,11,11,11,11,11,11,11,11,11,11,11,11,11,11,11,11,11,11,11,11,11,11,11,11,11,11,11,11,11,11,11,11,11,11,11,11,11,11,11,11,11,11,11,11,11,11,11,11,11,11,11,11,11,11,11,11,11,11,11,11,11,11,11,11,11,11,11,11,11,11,11,11,11,11,11,11,11,11,11,11,11,11,11,11,11,11,11,11,11,11,11,11,11,11,11,11,11,11,11,11,11,11,11,11,11,11,11,11,11,11,11,11,11,11,11,11,11,11,11,11,11,11,11,11,11,11,11,11,11,11,11,11,11,11,11,11,11,11,11,11,11,11,11,11,11,11,11,11,11,11,11,11,11,11,11,11,11,11,11,11,11,11,11,11,11,11,11,11,11,11,11,11,11,11,11,11,11,11,11,11,11,11,11,11,11,11,11,11,11,11,11,11,11,11,11,11,11,11,11,11,11,11,11,11,11,11,11,11,11,11,11,11,11,11,11,11,11,11,11,11,11,11,11,11,11,11,11,11,11,11,11,11,11,11,11,11,11,11,11,11,11,11,11,11,11,11,11,11,11,11,11,11,11,11,11,11,11,11,11,11,11,11,11,11,11,11,11,11,11,11,11,11,11,11,11,11,11,11,11,11,11,11,11,11,11,11,11,11,11,11,11,11,11,11,11,11,11,11,11,11,11,11,11,11,11,11,11,11,11,11,11,11,11,11,11,11,11,11,11,11,11,11,11,11,11,11,11,11,11,11,11,11,11,11,11,11,11,11,11,11,11,11,11,11,11,11,11,11,11,11,11,11,11,11,11,11,11,11,11,11,11,11,11,11,11,11,11,11,11,11,11,11,11,11,11,11,11,11,11,11,11,11,11,11,11,11,11,11,11,11,11,11,11,11,11,11,11,11,11,11,11,11,11,11,11,11,11,11,11,11,11,11,11,11,11,11,11,11,11,11,11,11,11,11,11,11,11,11,11,11,11,11,11,11,11,11,11,11,11,11,11,11,11,11,11,11,11,11,11,11,11,11,11,11,11,11,11,11,11,11,11,11,11,11,11,11,11,11,11,11,11,11,11,11,11,11,11,11,11,11,11,11,11,11,11,11,11,11,11,11,11,11,11,11,11,11,11,11,11,11,11,11,11,11,11,11,11,11,11,11,11,11,11,11,11,11,11,11,11,11,11,11,11,11,11,11,11,11,11,11,11,11,11,11,11,11,11,11,11,11,11,11,11,11,11,11,11,11,11,11,11,11,11,11,11,11,11,11,11,11,11,11,11,11,11,11,11,11,11,11,11,11,11,11,11,11,11,11,11,11,11,11,11,11,11,11,11,11,11,11,11,11,11,11,11,11,11,11,11,11,11,11,11,11,11,11,11,11,11,11,11,11,11,11,11,11,11,11,11,11,11,11,11,11,11,11,11,11,11,11,11,11,11,11,11,11,11,11,11,11,11,11,11,11,11,11,11,11,11,11,11,11,11,11,11,11,11,11,11,11,11,11,11,11,11,11,11,11,11,11,11,11,11,11,11,11,11,11,11,11,11,11,11,11,11,11,11,11,11,11,11,11,11,11,11,11,11,11,11,11,11,11,11,11,11,11,11,11,11,11,11,11,11,11,11,11,11,11,11,11,11,11,11,11,11,11,11,11,11,11,11,11,11,11,11,11,11,11,11,11,11,11,11,11,11,11,11,11,11,11,11,11,11,11,11,11,11,11,11,11,11,11,11,11,11,11,11,11,11,11,11,11,11,11,11,11,11,11,11,11,11,11,11,11,11,11,11,11,11,11,11,11,11,11,11,11,11,11,11,11,11,11,11,11,11,11,11,11,11,11,11,11,11,11,11,11,11,11,11,11,11,11,11,11,11,11,11,11,11,11,11,11,11,11,11,11,11,11,11,11,11,11,11,11,11,11,11,11,11,11,11,11,11,11,11,11,11,11,11,11,11,11,11,11,11,11,11,11,11,11,11,11,11,11,11,11,11,11,11,11,11,11,11,11,11,11,11,11,11,11,11,11,11,11,11,11,11,11,11,11,11,11,11,11,11,11,11,11,11,11,11,11,11,11,11,11,11,11,11,11,11,11,11,11,11,11,11,11,11,11,11,11,11,11,11,11,11,11,11,11,11,11,11,11,11,11,11,11,11,11,11,11,11,11,11,11,11,11,11,11,11,11,11,11,11,11,11,11,11,11,11,11,11,11,11,11,11,11,11,11,11,11,11,11,11,11,11,11,11,11,11,11,11,11,11,11,11,11,11,11,11,11,11,11,11,11,11,11,11,11,11,11,11,11,11,11,11,11,11,11,11,11,11,11,11,11,11,11,11,11,11,11,11,11,11,11,11,11,11,11,11,11,11,11,11,11,11,11,11,11,11,11,11,11,11,11,11,11,11,11,11,11,11,11,11,11,11,11,11,11,11,11,11,11,11,11,11,11,11,11,11,11,11,11,11,11,11,11,11,11,11,11,11,11,11,11,11,11,11,11,11,11,11,11,11,11,11,11,11,11,11,11,11,11,11,11,11,11,11,11,11,11,11,11,11,11,11,11,11,11,11,11,11,11,11,11,11,11,11,11,11,11,11,11,11,11,11,11,11,11,11,11,11,11,11,11,11,11,11,11,11,11,11,11,11,11,11,11,11,11,11,11,11,11,11,11,11,11,11,11,11,11,11,11,11,11,11,11,11,11,11,11,11,11,11,11,11,11,11,11,11,11,11,11,11,11,11,11,11,11,11,11,11,11,11,11,11,11,11,11,11,11,11,11,11,11,11,11,11,11,11,11,11,11,11,11,11,11,11,11,11,11,11,11,11,11,11,11,11,11,11,11,11,11,11,11,11,11,11,11,11,11,11,11,11,11,11,11,11,11,11,11,11,11,11,11,11,11,11,11,11,11,11,11,11,11,11,11,11,11,11,11,11,11,11,11,11,11,11,11,11,11,11,11,11,11,11,11,11,11,11,11,11,11,11,11,11,11,11,11,11,11,11,11,11,11,11,11,11,11,11,11,11,11,11,11,11,11,11,11,11,11,11,11,11,11,11,11,11,11,11,11,11,11,11,11,11,11,11,11,11,11,11,11,11,11,11,11,11,11,11,11,11,11,11,11,11,11,11,11,11,11,11,11,11,11,11,11,11,11,11,11,11,11,11,11,11,11,11,11,11,11,11,11,11,11,11,11,11,11,11,11,11,11,11,11,11,11,11,11,11,11,11,11,11,11,11,11,11,11,11,11,11,11,11,11,11,11,11,11,11,11,11,11,11,11,11,11,11,11,11,11,11,11,11,11,11,11,11,11,11,11,11,11,11,11,11,11,11,11,11,11,11,11,11,11,11,11,11,11,11,11,11,11,11,11,11,11,11,11,11,11,11,11,11,11,11,11,11,11,11,11,11,11,11,11,11,11,11,11,11,11,11,11,11,11,11,11,11,11,11,11,11,11,11,11,11,11,11,11,11,11,11,11,11,11,11,11,11,11,11,11,11,11,11,11,11,11,11,11,11,11,11,11,11,11,11,11,11,11,11,11,11,11,11,11,11,11,11,11,11,11,11,11,11,11,11,11,11,11,11,11,11,11,11,11,11,11,11,11,11,11,11,11,11,11,11,11,11,11,11,11,11,11,11,11,11,11,11,11,11,11,11,11,11,11,11,11,11,11,11,11,11,11,11,11,11,11,11,11,11,11,11,11,11,11,11,11,11,11,11,11,11,11,11,11,11,11,11,11,11,11,11,11,11,11,11,11,11,11,11,11,11,11,11,11,11,11,11,11,11,11,11,11,11,11,11,11,11,11,11,11,11,11,11,11,11,11,11,11,11,11,11,11,11,11,11,11,11,11,11,11,11,11,11,11,11,11,11,11,11,11,11,11,11,11,11,11,11,11,11,11,11,11,11,11,11,11,11,11,11,11,11,11,11,11,11,11,11,11,11,11,11,11,11,11,11,11,11,11,11,11,11,11,11,11,11,11,11,11,11,11,11,11,11,11,11,11,11,11,11,11,11,11,11,11,11,11,11,11,11,11,11,11,11,11,11,11,11,11,11,11,11,11,11,11,11,11,11,11,11,11,11,11,11,11,11,11,11,11,11,11,11,11,11,11,11,11,11,11,11,11,11,11,11,11,11,11,11,11,11,11,11,11,11,11,11,11,11,11,11,11,11,11,11,11,11,11,11,11,11,11,11,11,11,11,11,11,11,11,11,11,11,11,11,11,11,11,11,11,11,11,11,11,11,11,11,11,11,11,11,11,11,11,11,11,11,11,11,11,11,11,11,11,11,11,11,11,11,11,11,11,11,11,11,11,11,11,11,11,11,11,11,11,11,11,11,11,11,11,11,11,11,11,11,11,11,11,11,11,11,11,11,11,11,11,11,11,11,11,11,11,11,11,11,11,11,11,11,11,11,11,11,11,11,11,11,11,11,11,11,11,11,11,11,11,11,11,11,11,11,11,11,11,11,11,11,11,11,11,11,11,11,11,11,11,11,11,11,11,11,11,11,11,11,11,11,11,11,11,11,11,11,11,11,11,11,11,11,11,11,11,11,11,11,11,11,11,11,11,11,11,11,11,11,11,11,11,11,11,11,11,11,11,11,11,11,11,11,11,11,11,11,11,11,11,11,11,11,11,11,11,11,11,11,11,11,11,11,11,11,11,11,11,11,11,11,11,11,11,11,11,11,11,11,11,11,11,11,11,11,11,11,11,11,11,11,11,11,11,11,11,11,11,11,11,11,11,11,11,11,11,11,11,11,11,11,11,11,11,11,11,11,11,11,11,11,11,11,11,11,11,11,11,11,11,11,11,11,11,11,11,11,11,11,11,11,11,11,11,11,11,11,11,11,11,11,11,11,11,11,11,11,11,11,11,11,11,11,11,11,11,11,11,11,11,11,11,11,11,11,11,11,11,11,11,11,11,11,11,11,11,11,11,11,11,11,11,11,11,11,11,11,11,11,11,11,11,11,11,11,11,11,11,11,11,11,11,11,11,11,11,11,11,11,11,11,11,11,11,11,11,11,11,11,11,11,11,11,11,11,11,11,11,11,11,11,11,11,11,11,11,11,11,11,11,11,11,11,11,11,11,11,11,11,11,11,11,11,11,11,11,11,11,11,11,11,11,11,11,11,11,11,11,11,11,11,11,11,11,11,11,11,11,11,11,11,11,11,11,11,11,11,11,11,11,11,11,11,11,11,11,11,11,11,11,11,11,11,11,11,11,11,11,11,11,11,11,11,11,11,11,11,11,11,11,11,11,11,11,11,11,11,11,11,11,11,11,11,11,11,11,11,11,11,11,11,11,11,11,11,11,11,11,11,11,11,11,11,11,11,11,11,11,11,11,11,11,11,11,11,11,11,11,11,11,11,11,11,11,11,11,11,11,11,11,11,11,11,11,11,11,11,11,11,11,11,11,11,11,11,11,11,11,11,11,11,11,11,11,11,11,11,11,11,11,11,11,11,11,11,11,11,11,11,11,11,11,11,11,11,11,11,11,11,11,11,11,11,11,11,11,11,11,11,11,11,11,11,11,11,11,11,11,11,11,11,11,11,11,11,11,11,11,11,11,11,11,11,11,11,11,11,11,11,11,11,11,11,11,11,11,11,11,11,11,11,11,11,11,11,11,11,11,11,11,11,11,11,11,11,11,11,11,11,11,11,11,11,11,11,11,11,11,11,11,11,11,11,11,11,11,11,11,11,11,11,11,11,11,11,11,11,11,11,11,11,11,11,11,11,11,11,11,11,11,11,11,11,11,11,11,11,11,11,11,11,11,11,11,11,11,11,11,11,11,11,11,11,11,11,11,11,11,11,11,11,11,11,11,11,11,11,11,11,11,11,11,11,11,11,11,11,11,11,11,11,11,11,11,11,11,11,11,11,11,11,11,11,11,11,11,11,11,11,11,11,11,11,11,11,11,11,11,11,11,11,11,11,11,11,11,11,11,11,11,11,11,11,11,11,11,11,11,11,11,11,11,11,11,11,11,11,11,11,11,11,11,11,11,11,11,11,11,11,11,11,11,11,11,11,11,11,11,11,11,11,11,11,11,11,11,11,11,11,11,11,11,11,11,11,11,11,11,11,11,11,11,11,11,11,11,11,11,11,11,11,11,11,11,11,11,11,11,11,11,11,11,11,11,11,11,11,11,11,11,11,11,11,11,11,11,11,11,11,11,11,11,11,11,11,11,11,11,11,11,11,11,11,11,11,11,11,11,11,11,11,11,11,11,11,11,11,11,11,11,11,11,11,11,11,11,11,11,11,11,11,11,11,11,11,11,11,11,11,11,11,11,11,11,11,11,11,11,11,11,11,11,11,11,11,11,11,11,11,11,11,11,11,11,11,11,11,11,11,11,11,11,11,11,11,11,11,11,11,11,11,11,11,11,11,11,11,11,11,11,11,11,11,11,11,11,11,11,11,11,11,11,11,11,11,11,11,11,11,11,11,11,11,11,11,11,11,11,11,11,11,11,11,11,11,11,11,11,11,11,11,11,11,11,11,11,11,11,11,11,11,11,11,11,11,11,11,11,11,11,11,11,11,11,11,11,11,11,11,11,11,11,11,11,11,11,11,11,11,11,11,11,11,11,11,11,11,11,11,11,11,11,11,11,11,11,11,11,11,11,11,11,11,11,11,11,11,11,11,11,11,11,11,11,11,11,11,11,11,11,11,11,11,11,11,11,11,11,11,11,11,11,11,11,11,11,11,11,11,11,11,11,11,11,11,11,11,11,11,11,11,11,11,11,11,11,11,11,11,11,11,11,11,11,11,11,11,11,11,11,11,11,11,11,11,11,11,11,11,11,11,11,11,11,11,11,11,11,11,11,11,11,11,11,11,11,11,11,11,11,11,11,11,11,11,11,11,11,11,11,11,11,11,11,11,11,11,11,11,11,11,11,11,11,11,11,11,11,11,11,11,11,11,11,11,11,11,11,11,11,11,11,11,11,11,11,11,11,11,11,11,11,11,11,11,11,11,11,11,11,11,11,11,11,11,11,11,11,11,11,11,11,11,11,11,11,11,11,11,11,11,11,11,11,11,11,11,11,11,11,11,11,11,11,11,11,11,11,11,11,11,11,11,11,11,11,11,11,11,11,11,11,11,11,11,11,11,11,11,11,11,11,11,11,11,11,11,11,11,11,11,11,11,11,11,11,11,11,11,11,11,11,11,11,11,11,11,11,11,11,11,11,11,11,11,11,11,11,11,11,11,11,11,11,11,11,11,11,11,11,11,11,11,11,11,11,11,11,11,11,11,11,11,11,11,11,11,11,11,11,11,11,11,11,11,11,11,11,11,11,11,11,11,11,11,11,11,11,11,11,11,11,11,11,11,11,11,11,11,11,11,11,11,11,11,11,11,11,11,11,11,11,11,11,11,11,11,11,11,11,11,11,11,11,11,11,11,11,11,11,11,11,11,11,11,11,11,11,11,11,11,11,11,11,11,11,11,11,11,11,11,11,11,11,11,11,11,11,11,11,11,11,11,11,11,11,11,11,11,11,11,11,11,11,11,11,11,11,11,11,11,11,11,11,11,11,11,11,11,11,11,11,11,11,11,11,11,11,11,11,11,11,11,11,11,11,11,11,11,11,11,11,11,11,11,11,11,11,11,11,11,11,11,11,11,11,11,11,11,11,11,11,11,11,11,11,11,11,11,11,11,11,11,11,11,11,11,11,11,11,11,11,11,11,11,11,11,11,11,11,11,11,11,11,11,11,11,11,11,11,11,11,11,11,11,11,11,11,11,11,11,11,11,11,11,11,11,11,11,11,11,11,11,11,11,11,11,11,11,11,11,11,11,11,11,11,11,11,11,11,11,11,11,11,11,11,11,11,11,11,11,11,11,11,11,11,11,11,11,11,11,11,11,11,11,11,11,11,11,11,11,11,11,11,11,11,11,11,11,11,11,11,11,11,11,11,11,11,11,11,11,11,11,11,11,11,11,11,11,11,11,11,11,11,11,11,11,11,11,11,11,11,11,11,11,11,11,11,11,11,11,11,11,11,11,11,11,11,11,11,11,11,11,11,11,11,11,11,11,11,11,11,11,11,11,11,11,11,11,11,11,11,11,11,11,11,11,11,11,11,11,11,11,11,11,11,11,11,11,11,11,11,11,11,11,11,11,11,11,11,11,11,11,11,11,11,11,11,11,11,11,11,11,11,11,11,11,11,11,11,11,11,11,11,11,11,11,11,11,11,11,11,11,11,11,11,11,11,11,11,11,11,11,11,11,11,11,11,11,11,11,11,11,11,11,11,11,11,11,11,11,11,11,11,11,11,11,11,11,11,11,11,11,11,11,11,11,11,11,11,11,11,11,11,11,11,11,11,11,11,11,11,11,11,11,11,11,11,11,11,11,11,11,11,11,11,11,11,11,11,11,11,11,11,11,11,11,11,11,11,11,11,11,11,11,11,11,11,11,11,11,11,11,11,11,11,11,11,11,11,11,11,11,11,11,11,11,11,11,11,11,11,11,11,11,11,11,11,11,11,11,11,11,11,11,11,11,11,11,11,11,11,11,11,11,11,11,11,11,11,11,11,11,11,11,11,11,11,11,11,11,11,11,11,11,11,11,11,11,11,11,11,11,11,11,11,11,11,11,11,11,11,11,11,11,11,11,11,11,11,11,11,11,11,11,11,11,11,11,11,11,11,11,11,11,11,11,11,11,11,11,11,11,11,11,11,11,11,11,11,11,11,11,11,11,11,11,11,11,11,11,11,11,11,11,11,11,11,11,11,11,11,11,11,11,11,11,11,11,11,11,11,11,11,11,11,11,11,11,11,11,11,11,11,11,11,11,11,11,11,11,11,11,11,11,11,11,11,11,11,11,11,11,11,11,11,11,11,11,11,11,11,11,11,11,11,11,11,11,11,11,11,11,11,11,11,11,11,11,11,11,11,11,11,11,11,11,11,11,11,11,11,11,11,11,11,11,11,11,11,11,11,11,11,11,11,11,11,11,11,11,11,11,11,11,11,11,11,11,11,11,11,11,11,11,11,11,11,11,11,11,11,11,11,11,11,11,11,11,11,11,11,11,11,11,11,11,11,11,11,11,11,11,11,11,11,11,11,11,11,11,11,11,11,11,11,11,11,11,11,11,11,11,11,11,11,11,11,11,11,11,11,11,11,11,11,11,11,11,11,11,11,11,11,11,11,11,11,11,11,11,11,11,11,11,11,11,11,11,11,11,11,11,11,11,11,11,11,11,11,11,11,11,11,11,11,11,11,11,11,11,11,11,11,11,11,11,11,11,11,11,11,11,11,11,11,11,11,11,11,11,11,11,11,11,11,11,11,11,11,11,11,11,11,11,11,11,11,11,11,11,11,11,11,11,11,11,11,11,11,11,11,11,11,11,11,11,11,11,11,11,11,11,11,11,11,11,11,11,11,11,11,11,11,11,11,11,11,11,11,11,11,11,11,11,11,11,11,11,11,11,11,11,11,11,11,11,11,11,11,11,11,11,11,11,11,11,11,11,11,11,11,11,11,11,11,11,11,11,11,11,11,11,11,11,11,11,11,11,11,11,11,11,11,11,11,11,11,11,11,11,11,11,11,11,11,11,11,11,11,11,11,11,11,11,11,11,11,11,11,11,11,11,11,11,11,11,11,11,11,11,11,11,11,11,11,11,11,11,11,11,11,11,11,11,11,11,11,11,11,11,11,11,11,11,11,11,11,11,11,11,11,11,11,11,11,11,11,11,11,11,11,11,11,11,11,11,11,11,11,11,11,11,11,11,11,11,11,11,11,11,11,11,11,11,11,11,11,11,11,11,11,11,11,11,11,11,11,11,11,11,11,11,11,11,11,11,11,11,11,11,11,11,11,11,11,11,11,11,11,11,11,11,11,11,11,11,11,11,11,11,11,11,11,11,11,11,11,11,11,11,11,11,11,11,11,11,11,11,11,11,11,11,11,11,11,11,11,11,11,11,11,11,11,11,11,11,11,11,11,11,11,11,11,11,11,11,11,11,11,11,11,11,11,11,11,11,11,11,11,11,11,11,11,11,11,11,11,11,11,11,11,11,11,11,11,11,11,11,11,11,11,11,11,11,11,11,11,11,11,11,11,11,11,11,11,11,11,11,11,11,11,11,11,11,11,11,11,11,11,11,11,11,11,11,11,11,11,11,11,11,11,11,11,11,11,11,11,11,11,11,11,11,11,11,11,11,11,11,11,11,11,11,11,11,11,11,11,11,11,11,11,11,11,11,11,11,11,11,11,11,11,11,11,11,11,11,11,11,11,11,11,11,11,11,11,11,11,11,11,11,11,11,11,11,11,11,11,11,11,11,11,11,11,11,11,11,11,11,11,11,11,11,11,11,11,11,11,11,11,11,11,11,11,11,11,11,11,11,11,11,11,11,11,11,11,11,11,11,11,11,11,11,11,11,11,11,11,11,11,11,11,11,11,11,11,11,11,11,11,11,11,11,11,11,11,11,11,11,11,11,11,11,11,11,11,11,11,11,11,11,11,11,11,11,11,11,11,11,11,11,11,11,11,11,11,11,11,11,11,11,11,11,11,11,11,11,11,11,11,11,11,11,11,11,11,11,11,11,11,11,11,11,11,11,11,11,11,11,11,11,11,11,11,11,11,11,11,11,11,11,11,11,11,11,11,11,11,11,11,11,11,11,11,11,11,11,11,11,11,11,11,11,11,11,11,11,11,11,11,11,11,11,11,11,11,11,11,11,11,11,11,11,11,11,11,11,11,11,11,11,11,11,11,11,11,11,11,11,11,11,11,11,11,11,11,11,11,11,11,11,11,11,11,11,11,11,11,11,11,11,11,11,11,11,11,11,11,11,11,11,11,11,11,11,11,11,11,11,11,11,11,11,11,11,11,11,11,11,11,11,11,11,11,11,11,11,11,11,11,11,11,11,11,11,11,11,11,11,11,11,11,11,11,11,11,11,11,11,11,11,11,11,11,11,11,11,11,11,11,11,11,11,11,11,11,11,11,11,11,11,11,11,11,11,11,11,11,11,11,11,11,11,11,11,11,11,11,11,11,11,11,11,11,11,11,11,11,11,11,11,11,11,11,11,11,11,11,11,11,11,11,11,11,11,11,11,11,11,11,11,11,11,11,11,11,11,11,11,11,11,11,11,11,11,11,11,11,11,11,11,11,11,11,11,11,11,11,11,11,11,11,11,11,11,11,11,11,11,11,11,11,11,11,11,11,11,11,11,11,11,11,11,11,11,11,11,11,11,11,11,11,11,11,11,11,11,11,11,11,11,11,11,11,11,11,11,11,11,11,11,11,11,11,11,11,11,11,11,11,11,11,11,11,11,11,11,11,11,11,11,11,11,11,11,11,11,11,11,11,11,11,11,11,11,11,11,11,11,11,11,11,11,11,11,11,11,11,11,11,11,11,11,11,11,11,11,11,11,11,11,11,11,11,11,11,11,11,11,11,11,11,11,11,11,11,11,11,11,11,11,11,11,11,11,11,11,11,11,11,11,11,11,11,11,11,11,11,11,11,11,11,11,11,11,11,11,11,11,11,11,11,11,11,11,11,11,11,11,11,11,11,11,11,11,11,11,11,11,11,11,11,11,11,11,11,11,11,11,11,11,11,11,11,11,11,11,11,11,11,11,11,11,11,11,11,11,11,11,11,11,11,11,11,11,11,11,11,11,11,11,11,11,11,11,11,11,11,11,11,11,11,11,11,11,11,11,11,11,11,11,11,11,11,11,11,11,11,11,11,11,11,11,11,11,11,11,11,11,11,11,11,11,11,11,11,11,11,11,11,11,11,11,11,11,11,11,11,11,11,11,11,11,11,11,11,11,11,11,11,11,11,11,11,11,11,11,11,11,11,11,11,11,11,11,11,11,11,11,11,11,11,11,11,11,11,11,11,11,11,11,11,11,11,11,11,11,11,11,11,11,11,11,11,11,11,11,11,11,11,11,11,11,11,11,11,11,11,11,11,11,11,11,11,11,11,11,11,11,11,11,11,11,11,11,11,11,11,11,11,11,11,11,11,11,11,11,11,11,11,11,11,11,11,11,11,11,11,11,11,11,11,11,11,11,11,11,11,11,11,11,11,11,11,11,11,11,11,11,11,11,11,11,11,11,11,11,11,11,11,11,11,11,11,11,11,11,11,11,11,11,11,11,11,11,11,11,11,11,11,11,11,11,11,11,11,11,11,11,11,11,11,11,11,11,11,11,11,11,11,11,11,11,11,11,11,11,11,11,11,11,11,11,11,11,11,11,11,11,11,11,11,11,11,11,11,11,11,11,11,11,11,11,11,11,11,11,11,11,11,11,11,11,11,11,11,11,11,11,11,11,11,11,11,11,11,11,11,11,11,11,11,11,11,11,11,11,11,11,11,11,11,11,11,11,11,11,11,11,11,11,11,11,11,11,11,11,11,11,11,11,11,11,11,11,11,11,11,11,11,11,11,11,11,11,11,11,11,11,11,11,11,11,11,11,11,11,11,11,11,11,11,11,11,11,11,11,11,11,11,11,11,11,11,11,11,11,11,11,11,11,11,11,11,11,11,11,11,11,11,11,11,11,11,11,11,11,11,11,11,11,11,11,11,11,11,11,11,11,11,11,11,11,11,11,11,11,11,11,11,11,11,11,11,11,11,11,11,11,11,11,11,11,11,11,11,11,11,11,11,11,11,11,11,11,11,11,11,11,11,11,11,11,11,11,11,11,11,11,11,11,11,11,11,11,11,11,11,11,11,11,11,11,11,11,11,11,11,11,11,11,11,11,11,11,11,11,11,11,11,11,11,11,11,11,11,11,11,11,11,11,11,11,11,11,11,11,11,11,11,11,11,11,11,11,11,11,11,11,11,11,11,11,11,11,11,11,11,11,11,11,11,11,11,11,11,11,11,11,11,11,11,11,11,11,11,11,11,11,11,11,11,11,11,11,11,11,11,11,11,11,11,11,11,11,11,11,11,11,11,11,11,11,11,11,11,11,11,11,11,11,11,11,11,11,11,11,11,11,11,11,11,11,11,11,11,11,11,11,11,11,11,11,11,11,11,11,11,11,11,11,11,11,11,11,11,11,11,11,11,11,11,11,11,11,11,11,11,11,11,11,11,11,11,11,11,11,11,11,11,11,11,11,11,11,11,11,11,11,11,11,11,11,11,11,11,11,11,11,11,11,11,11,11,11,11,11,11,11,11,11,11,11,11,11,11,11,11,11,11,11,11,11,11,11,11,11,11,11,11,11,11,11,11,11,11,11,11,11,11,11,11,11,11,11,11,11,11,11,11,11,11,11,11,11,11,11,11,11,11,11,11,11,11,11,11,11,11,11,11,11,11,11,11,11,11,11,11,11,11,11,11,11,11,11,11,11,11,11,11,11,11,11,11,11,11,11,11,11,11,11,11,11,11,11,11,11,11,11,11,11,11,11,11,11,11,11,11,11,11,11,11,11,11,11,11,11,11,11,11,11,11,11,11,11,11,11,11,11,11,11,11,11,11,11,11,11,11,11,11,11,11,11,11,11,11,11,11,11,11,11,11,11,11,11,11,11,11,11,11,11,11,11,11,11,11,11,11,11,11,11,11,11,11,11,11,11,11,11,11,11,11,11,11,11,11,11,11,11,11,11,11,11,11,11,11,11,11,11,11,11,11,11,11,11,11,11,11,11,11,11,11,11,11,11,11,11,11,11,11,11,11,11,11,11,11,11,11,11,11,11,11,11,11,11,11,11,11,11,11,11,11,11,11,11,11,11,11,11,11,11,11,11,11,11,11,11,11,11,11,11,11,11,11,11,11,11,11,11,11,11,11,11,11,11,11,11,11,11,11,11,11,11,11,11,11,11,11,11,11,11,11,11,11,11,11,11,11,11,11,11,11,11,11,11,11,11,11,11,11,11,11,11,11,11,11,11,11,11,11,11,11,11,11,11,11,11,11,11,11,11,11,11,11,11,11,11,11,11,11,11,11,11,11,11,11,11,11,11,11,11,11,11,11,11,11,11,11,11,11,11,11,11,11,11,11,11,11,11,11,11,11,11,11,11,11,11,11,11,11,11,11,11,11,11,11,11,11,11,11,11,11,11,11,11,11,11,11,11,11,11,11,11,11,11,11,11,11,11,11,11,11,11,11,11,11,11,11,11,11,11,11,11,11,11,11,11,11,11,11,11,11,11,11,11,11,11,11,11,11,11,11,11,11,11,11,11,11,11,11,11,11,11,11,11,11,11,11,11,11,11,11,11,11,11,11,11,11,11,11,11,11,11,11,11,11,11,11,11,11,11,11,11,11,11,11,11,11,11,11,11,11,11,11,11,11,11,11,11,11,11,11,11,11,11,11,11,11,11,11,11,11,11,11,11,11,11,11,11,11,11,11,11,11,11,11,11,11,11,11,11,11,11,11,11,11,11,11,11,11,11,11,11,11,11,11,11,11,11,11,11,11,11,11,11,11,11,11,11,11,11,11,11,11,11,11,11,11,11,11,11,11,11,11,11,11,11,11,11,11,11,11,11,11,11,11,11,11,11,11,11,11,11,11,11,11,11,11,11,11,11,11,11,11,11,11,11,11,11,11,11,11,11,11,11,11,11,11,11,11,11,11,11,11,11,11,11,11,11,11,11,11,11,11,11,11,11,11,11,11,11,11,11,11,11,11,11,11,11,11,11,11,11,11,11,11,11,11,11,11,11,11,11,11,11,11,11,11,11,11,11,11,11,11,11,11,11,11,11,11,11,11,11,11,11,11,11,11,11,11,11,11,11,11,11,11,11,11,11,11,11,11,11,11,11,11,11,11,11,11,11,11,11,11,11,11,11,11,11,11,11,11,11,11,11,11,11,11,11,11,11,11,11,11,11,11,11,11,11,11,11,11,11,11,11,11,11,11,11,11,11,11,11,11,11,11,11,11,11,11,11,11,11,11,11,11,11,11,11,11,11,11,11,11,11,11,11,11,11,11,11,11,11,11,11,11,11,11,11,11,11,11,11,11,11,11,11,11,11,11,11,11,11,11,11,11,11,11,11,11,11,11,11,11,11,11,11,11,11,11,11,11,11,11,11,11,11,11,11,11,11,11,11,11,11,11,11,11,11,11,11,11,11,11,11,11,11,11,11,11,11,11,11,11,11,11,11,11,11,11,11,11,11,11,11,11,11,11,11,11,11,11,11,11,11,11,11,11,11,11,11,11,11,11,11,11,11,11,11,11,11,11,11,11,11,11,11,11,11,11,11,11,11,11,11,11,11,11,11,11,11,11,11,11,11,11,11,11,11,11,11,11,11,11,11,11,11,11,11,11,11,11,11,11,11,11,11,11,11,11,11,11,11,11,11,11,11,11,11,11,11,11,11,11,11,11,11,11,11,11,11,11,11,11,11,11,11,11,11,11,11,11,11,11,11,11,11,11,11,11,11,11,11,11,11,11,11,11,11,11,11,11,11,11,11,11,11,11,11,11,11,11,11,11,11,11,11,11,11,11,11,11,11,11,11,11,11,11,11,11,11,11,11,11,11,11,11,11,11,11,11,11,11,11,11,11,11,11,11,11,11,11,11,11,11,11,11,11,11,11,11,11,11,11,11,11,11,11,11,11,11,11,11,11,11,11,11,11,11,11,11,11,11,11,11,11,11,11,11,11,11,11,11,11,11,11,11,11,11,11,11,11,11,11,11,11,11,11,11,11,11,11,11,11,11,11,11,11,11,11,11,11,11,11,11,11,11,11,11,11,11,11,11,11,11,11,11,11,11,11,11,11,11,11,11,11,11,11,11,11,11,11,11,11,11,11,11,11,11,11,11,11,11,11,11,11,11,11,11,11,11,11,11,11,11,11,11,11,11,11,11,11,11,11,11,11,11,11,11,11,11,11,11,11,11,11,11,11,11,11,11,11,11,11,11,11,11,11,11,11,11,11,11,11,11,11,11,11,11,11,11,11,11,11,11,11,11,11,11,11,11,11,11,11,11,11,11,11,11,11,11,11,11,11,11,11,11,11,11,11,11,11,11,11,11,11,11,11,11,11,11,11,11,11,11,11,11,11,11,11,11,11,11,11,11,11,11,11,11,11,11,11,11,11,11,11,11,11,11,11,11,11,11,11,11,11,11,11,11,11,11,11,11,11,11,11,11,11,11,11,11,11,11,11,11,11,11,11,11,11,11,11,11,11,11,11,11,11,11,11,11,11,11,11,11,11,11,11,11,11,11,11,11,11,11,11,11,11,11,11,11,11,11,11,11,11,11,11,11,11,11,11,11,11,11,11,11,11,11,11,11,11,11,11,11,11,11,11,11,11,11,11,11,11,11,11,11,11,11,11,11,11,11,11,11,11,11,11,11,11,11,11,11,11,11,11,11,11,11,11,11,11,11,11,11,11,11,11,11,11,11,11,11,11,11,11,11,11,11,11,11,11,11,11,11,11,11,11,11,11,11,11,11,11,11,11,11,11,11,11,11,11,11,11,11,11,11,11,11,11,11,11,11,11,11,11,11,11,11,11,11,11,11,11,11,11,11,11,11,11,11,11,11,11,11,11,11,11,11,11,11,11,11,11,11,11,11,11,11,11,11,11,11,11,11,11,11,11,11,11,11,11,11,11,11,11,11,11,11,11,11,11,11,11,11,11,11,11,11,11,11,11,11,11,11,11,11,11,11,11,11,11,11,11,11,11,11,11,11,11,11,11,11,11,11,11,11,11,11,11,11,11,11,11,11,11,11,11,11,11,11,11,11,11,11,11,11,11,11,11,11,11,11,11,11,11,11,11,11,11,11,11,11,11,11,11,11,11,11,11,11,11,11,11,11,11,11,11,11,11,11,11,11,11,11,11,11,11,11,11,11,11,11,11,11,11,11,11,11,11,11,11,11,11,11,11,11,11,11,11,11,11,11,11,11,11,11,11,11,11,11,11,11,11,11,11,11,11,11,11,11,11,11,11,11,11,11,11,11,11,11,11,11,11,11,11,11,11,11,11,11,11,11,11,11,11,11,11,11,11,11,11,11,11,11,11,11,11,11,11,11,11,11,11,11,11,11,11,11,11,11,11,11,11,11,11,11,11,11,11,11,11,11,11,11,11,11,11,11,11,11,11,11,11,11,11,11,11,11,11,11,11,11,11,11,11,11,11,11,11,11,11,11,11,11,11,11,11,11,11,11,11,11,11,11,11,11,11,11,11,11,11,11,11,11,11,11,11,11,11,11,11,11,11,11,11,11,11,11,11,11,11,11,11,11,11,11,11,11,11,11,11,11,11,11,11,11,11,11,11,11,11,11,11,11,11,11,11,11,11,11,11,11,11,11,11,11,11,11,11,11,11,11,11,11,11,11,11,11,11,11,11,11,11,11,11,11,11,11,11,11,11,11,11,11,11,11,11,11,11,11,11,11,11,11,11,11,11,11,11,11,11,11,11,11,11,11,11,11,11,11,11,11,11,11,11,11,11,11,11,11,11,11,11,11,11,11,11,11,11,11,11,11,11,11,11,11,11,11,11,11,11,11,11,11,11,11,11,11,11,11,11,11,11,11,11,11,11,11,11,11,11,11,11,11,11,11,11,11,11,11,11,11,11,11,11,11,11,11,11,11,11,11,11,11,11,11,11,11,11,11,11,11,11,11,11,11,11,11,11,11,11,11,11,11,11,11,11,11,11,11,11,11,11,11,11,11,11,11,11,11,11,11,11,11,11,11,11,11,11,11,11,11,11,11,11,11,11,11,11,11,11,11,11,11,11,11,11,11,11,11,11,11,11,11,11,11,11,11,11,11,11,11,11,11,11,11,11,11,11,11,11,11,11,11,11,11,11,11,11,11,11,11,11,11,11,11,11,11,11,11,11,11,11,11,11,11,11,11,11,11,11,11,11,11,11,11,11,11,11,11,11,11,11,11,11,11,11,11,11,11,11,11,11,11,11,11,11,11,11,11,11,11,11,11,11,11,11,11,11,11,11,11,11,11,11,11,11,11,11,11,11,11,11,11,11,11,11,11,11,11,11,11,11,11,11,11,11,11,11,11,11,11,11,11,11,11,11,11,11,11,11,11,11,11,11,11,11,11,11,11,11,11,11,11,11,11,11,11,11,11,11,11,11,11,11,11,11,11,11,11,11,11,11,11,11,11,11,11,11,11,11,11,11,11,11,11,11,11,11,11,11,11,11,11,11,11,11,11,11,11,11,11,11,11,11,11,11,11,11,11,11,11,11,11,11,11,11,11,11,11,11,11,11,11,11,11,11,11,11,11,11,11,11,11,11,11,11,11,11,11,11,11,11,11,11,11,11,11,11,11,11,11,11,11,11,11,11,11,11,11,11,11,11,11,11,11,11,11,11,11,11,11,11,11,11,11,11,11,11,11,11,11,11,11,11,11,11,11,11,11,11,11,11,11,11,11,11,11,11,11,11,11,11,11,11,11,11,11,11,11,11,11,11,11,11,11,11,11,11,11,11,11,11,11,11,11,11,11,11,11,11,11,11,11,11,11,11,11,11,11,11,11,11,11,11,11,11,11,11,11,11,11,11,11,11,11,11,11,11,11,11,11,11,11,11,11,11,11,11,11,11,11,11,11,11,11,11,11,11,11,11,11,11,11,11,11,11,11,11,11,11,11,11,11,11,11,11,11,11,11,11,11,11,11,11,11,11,11,11,11,11,11,11,11,11,11,11,11,11,11,11,11,11,11,11,11,11,11,11,11,11,11,11,11,11,11,11,11,11,11,11,11,11,11,11,11,11,11,11,11,11,11,11,11,11,11,11,11,11,11,11,11,11,11,11,11,11,11,11,11,11,11,11,11,11,11,11,11,11,11,11,11,11,11,11,11,11,11,11,11,11,11,11,11,11,11,11,11,11,11,11,11,11,11,11,11,11,11,11,11,11,11,11,11,11,11,11,11,11,11,11,11,11,11,11,11,11,11,11,11,11,11,11,11,11,11,11,11,11,11,11,11,11,11,11,11,11,11,11,11,11,11,11,11,11,11,11,11,11,11,11,11,11,11,11,11,11,11,11,11,11,11,11,11,11,11,11,11,11,11,11,11,11,11,11,11,11,11,11,11,11,11,11,11,11,11,11,11,11,11,11,11,11,11,11,11,11,11,11,11,11,11,11,11,11,11,11,11,11,11,11,11,11,11,11,11,11,11,11,11,11,11,11,11,11,11,11,11,11,11,11,11,11,11,11,11,11,11,11,11,11,11,11,11,11,11,11,11,11,11,11,11,11,11,11,11,11,11,11,11,11,11,11,11,11,11,11,11,11,11,11,11,11,11,11,11,11,11,11,11,11,11,11,11,11,11,11,11,11,11,11,11,11,11,11,11,11,11,11,11,11,11,11,11,11,11,11,11,11,11,11,11,11,11,11,11,11,11,11,11,11,11,11,11,11,11,11,11,11,11,11,11,11,11,11,11,11,11,11,11,11,11,11,11,11,11,11,11,11,11,11,11,11,11,11,11,11,11,11,11,11,11,11,11,11,11,11,11,11,11,11,11,11,11,11,11,11,11,11,11,11,11,11,11,11,11,11,11,11,11,11,11,11,11,11,11,11,11,11,11,11,11,11,11,11,11,11,11,11,11,11,11,11,11,11,11,11,11,11,11,11,11,11,11,11,11,11,11,11,11,11,11,11,11,11,11,11,11,11,11,11,11,11,11,11,11,11,11,11,11,11,11,11,11,11,11,11,11,11,11,11,11,11,11,11,11,11,11,11,11,11,11,11,11,11,11,11,11,11,11,11,11,11,11,11,11,11,11,11,11,11,11,11,11,11,11,11,11,11,11,11,11,11,11,11,11,11,11,11,11,11,11,11,11,11,11,11,11,11,11,11,11,11,11,11,11,11,11,11,11,11,11,11,11,11,11,11,11,11,11,11,11,11,11,11,11,11,11,11,11,11,11,11,11,11,11,11,11,11,11,11,11,11,11,11,11,11,11,11,11,11,11,11,11,11,11,11,11,11,11,11,11,11,11,11,11,11,11,11,11,11,11,11,11,11,11,11,11,11,11,11,11,11,11,11,11,11,11,11,11,11,11,11,11,11,11,11,11,11,11,11,11,11,11,11,11,11,11,11,11,11,11,11,11,11,11,11,11,11,11,11,11,11,11,11,11,11,11,11,11,11,11,11,11,11,11,11,11,11,11,11,11,11,11,11,11,11,11,11,11,11,11,11,11,11,11,11,11,11,11,11,11,11,11,11,11,11,11,11,11,11,11,11,11,11,11,11,11,11,11,11,11,11,11,11,11,11,11,11,11,11,11,11,11,11,11,11,11,11,11,11,11,11,11,11,11,11,11,11,11,11,11,11,11,11,11,11,11,11,11,11,11,11,11,11,11,11,11,11,11,11,11,11,11,11,11,11,11,11,11,11,11,11,11,11,11,11,11,11,11,11,11,11,11,11,11,11,11,11,11,11,11,11,11,11,11,11,11,11,11,11,11,11,11,11,11,11,11,11,11,11,11,11,11,11,11,11,11,11,11,11,11,11,11,11,11,11,11,11,11,11,11,11,11,11,11,11,11,11,11,11,11,11,11,11,11,11,11,11,11,11,11,11,11,11,11,11,11,11,11,11,11,11,11,11,11,11,11,11,11,11,11,11,11,11,11,11,11,11,11,11,11,11,11,11,11,11,11,11,11,11,11,11,11,11,11,11,11,11,11,11,11,11,11,11,11,11,11,11,11,11,11,11,11,11,11,11,11,11,11,11,11,11,11,11,11,11,11,11,11,11,11,11,11,11,11,11,11,11,11,11,11,11,11,11,11,11,11,11,11,11,11,11,11,11,11,11,11,11,11,11,11,11,11,11,11,11,11,11,11,11,11,11,11,11,11,11,11,11,11,11,11,11,11,11,11,11,11,11,11,11,11,11,11,11,11,11,11,11,11,11,11,11,11,11,11,11,11,11,11,11,11,11,11,11,11,11,11,11,11,11,11,11,11,11,11,11,11,11,11,11,11,11,11,11,11,11,11,11,11,11,11,11,11,11,11,11,11,11,11,11,11,11,11,11,11,11,11,11,11,11,11,11,11,11,11,11,11,11,11,11,11,11,11,11,11,11,11,11,11,11,11,11,11,11,11,11,11,11,11,11,11,11,11,11,11,11,11,11,11,11,11,11,11,11,11,11,11,11,11,11,11,11,11,11,11,11,11,11,11,11,11,11,11,11,11,11,11,11,11,11,11,11,11,11,11,11,11,11,11,11,11,11,11,11,11,11,11,11,11,11,11,11,11,11,11,11,11,11,11,11,11,11,11,11,11,11,11,11,11,11,11,11,11,11,11,11,11,11,11,11,11,11,11,11,11,11,11,11,11,11,11,11,11,11,11,11,11,11,11,11,11,11,11,11,11,11,11,11,11,11,11,11,11,11,11,11,11,11,11,11,11,11,11,11,11,11,11,11,11,11,11,11,11,11,11,11,11,11,11,11,11,11,11,11,11,11,11,11,11,11,11,11,11,11,11,11,11,11,11,11,11,11,11,11,11,11,11,11,11,11,11,11,11,11,11,11,11,11,11,11,11,11,11,11,11,11,11,11,11,11,11,11,11,11,11,11,11,11,11,11,11,11,11,11,11,11,11,11,11,11,11,11,11,11,11,11,11,11,11,11,11,11,11,11,11,11,11,11,11,11,11,11,11,11,11,11,11,11,11,11,11,11,11,11,11,11,11,11,11,11,11,11,11,11,11,11,11,11,11,11,11,11,11,11,11,11,11,11,11,11,11,11,11,11,11,11,11,11,11,11,11,11,11,11,11,11,11,11,11,11,11,11,11,11,11,11,11,11,11,11,11,11,11,11,11,11,11,11,11,11,11,11,11,11,11,11,11,11,11,11,11,11,11,11,11,11,11,11,11,11,11,11,11,11,11,11,11,11,11,11,11,11,11,11,11,11,11,11,11,11,11,11,11,11,11,11,11,11,11,11,11,11,11,11,11,11,11,11,11,11,11,11,11,11,11,11,11,11,11,11,11,11,11,11,11,11,11,11,11,11,11,11,11,11,11,11,11,11,11,11,11,11,11,11,11,11,11,11,11,11,11,11,11,11,11,11,11,11,11,11,11,11,11,11,11,11,11,11,11,11,11,11,11,11,11,11,11,11,11,11,11,11,11,11,11,11,11,11,11,11,11,11,11,11,11,11,11,11,11,11,11,11,11,11,11,11,11,11,11,11,11,11,11,11,11,11,11,11,11,11,11,11,11,11,11,11,11,11,11,11,11,11,11,11,11,11,11,11,11,11,11,11,11,11,11,11,11,11,11,11,11,11,11,11,11,11,11,11,11,11,11,11,11,11,11,11,11,11,11,11,11,11,11,11,11,11,11,11,11,11,11,11,11,11,11,11,11,11,11,11,11,11,11,11,11,11,11,11,11,11,11,11,11,11,11,11,11,11,11,11,11,11,11,11,11,11,11,11,11,11,11,11,11,11,11,11,11,11,11,11,11,11,11,11,11,11,11,11,11,11,11,11,11,11,11,11,11,11,11,11,11,11,11,11,11,11,11,11,11,11,11,11,11,11,11,11,11,11,11,11,11,11,11,11,11,11,11,11,11,11,11,11,11,11,11,11,11,11,11,11,11,11,11,11,11,11,11,11,11,11,11,11,11,11,11,11,11,11,11,11,11,11,11,11,11,11,11,11,11,11,11,11,11,11,11,11,11,11,11,11,11,11,11,11,11,11,11,11,11,11,11,11,11,11,11,11,11,11,11,11,11,11,11,11,11,11,11,11,11,11,11,11,11,11,11,11,11,11,11,11,11,11,11,11,11,11,11,11,11,11,11,11,11,11,11,11,11,11,11,11,11,11,11,11,11,11,11,11,11,11,11,11,11,11,11,11,11,11,11,11,11,11,11,11,11,11,11,11,11,11,11,11,11,11,11,11,11,11,11,11,11,11,11,11,11,11,11,11,11,11,11,11,11,11,11,11,11,11,11,11,11,11,11,11,11,11,11,11,11,11,11,11,11,11,11,11,11,11,11,11,11,11,11,11,11,11,11,11,11,11,11,11,11,11,11,11,11,11,11,11,11,11,11,11,11,11,11,11,11,11,11,11,11,11,11,11,11,11,11,11,11,11,11,11,11,11,11,11,11,11,11,11,11,11,11,11,11,11,11,11,11,11,11,11,11,11,11,11,11,11,11,11,11,11,11,11,11,11,11,11,11,11,11,11,11,11,11,11,11,11,11,11,11,11,11,11,11,11,11,11,11,11,11,11,11,11,11,11,11,11,11,11,11,11,11,11,11,11,11,11,11,11,11,11,11,11,11,11,11,11,11,11,11,11,11,11,11,11,11,11,11,11,11,11,11,11,11,11,11,11,11,11,11,11,11,11,11,11,11,11,11,11,11,11,11,11,11,11,11,11,11,11,11,11,11,11,11,11,11,11,11,11,11,11,11,11,11,11,11,11,11,11,11,11,11,11,11,11,11,11,11,11,11,11,11,11,11,11,11,11,11,11,11,11,11,11,11,11,11,11,11,11,11,11,11,11,11,11,11,11,11,11,11,11,11,11,11,11,11,11,11,11,11,11,11,11,11,11,11,11,11,11,11,11,11,11,11,11,11,11,11,11,11,11,11,11,11,11,11,11,11,11,11,11,11,11,11,11,11,11,11,11,11,11,11,11,11,11,11,11,11,11,11,11,11,11,11,11,11,11,11,11,11,11,11,11,11,11,11,11,11,11,11,11,11,11,11,11,11,11,11,11,11,11,11,11,11,11,11,11,11,11,11,11,11,11,11,11,11,11,11,11,11,11,11,11,11,11,11,11,11,11,11,11,11,11,11,11,11,11,11,11,11,11,11,11,11,11,11,11,11,11,11,11,11,11,11,11,11,11,11,11,11,11,11,11,11,11,11,11,11,11,11,11,11,11,11,11,11,11,11,11,11,11,11,11,11,11,11,11,11,11,11,11,11,11,11,11,11,11,11,11,11,11,11,11,11,11,11,11,11,11,11,11,11,11,11,11,11,11,11,11,11,11,11,11,11,11,11,11,11,11,11,11,11,11,11,11,11,11,11,11,11,11,11,11,11,11,11,11,11,11,11,11,11,11,11,11,11,11,11,11,11,11,11,11,11,11,11,11,11,11,11,11,11,11,11,11,11,11,11,11,11,11,11,11,11,11,11,11,11,11,11,11,11,11,11,11,11,11,11,11,11,11,11,11,11,11,11,11,11,11,11,11,11,11,11,11,11,11,11,11,11,11,11,11,11,11,11,11,11,11,11,11,11,11,11,11,11,11,11,11,11,11,11,11,11,11,11,11,11,11,11,11,11,11,11,11,11,11,11,11,11,11,11,11,11,11,11,11,11,11,11,11,11,11,11,11,11,11,11,11,11,11,11,11,11,11,11,11,11,11,11,11,11,11,11,11,11,11,11,11,11,11,11,11,11,11,11,11,11,11,11,11,11,11,11,11,11,11,11,11,11,11,11,11,11,11,11,11,11,11,11,11,11,11,11,11,11,11,11,11,11,11,11,11,11,11,11,11,11,11,11,11,11,11,11,11,11,11,11,11,11,11,11,11,11,11,11,11,11,11,11,11,11,11,11,11,11,11,11,11,11,11,11,11,11,11,11,11,11,11,11,11,11,11,11,11,11,11,11,11,11,11,11,11,11,11,11,11,11,11,11,11,11,11,11,11,11,11,11,11,11,11,11,11,11,11,11,11,11,11,11,11,11,11,11,11,11,11,11,11,11,11,11,11,11,11,11,11,11,11,11,11,11,11,11,11,11,11,11,11,11,11,11,11,11,11,11,11,11,11,11,11,11,11,11,11,11,11,11,11,11,11,11,11,11,11,11,11,11,11,11,11,11,11,11,11,11,11,11,11,11,11,11,11,11,11,11,11,11,11,11,11,11,11,11,11,11,11,11,11,11,11,11,11,11,11,11,11,11,11,11,11,11,11,11,11,11,11,11,11,11,11,11,11,11,11,11,11,11,11,11,11,11,11,11,11,11,11,11,11,11,11,11,11,11,11,11,11,11,11,11,11,11,11,11,11,11,11,11,11,11,11,11,11,11,11,11,11,11,11,11,11,11,11,11,11,11,11,11,11,11,11,11,11,11,11,11,11,11,11,11,11,11,11,11,11,11,11,11,11,11,11,11,11,11,11,11,11,11,11,11,11,11,11,11,11,11,11,11,11,11,11,11,11,11,11,11,11,11,11,11,11,11,11,11,11,11,11,11,11,11,11,11,11,11,11,11,11,11,11,11,11,11,11,11,11,11,11,11,11,11,11,11,11,11,11,11,11,11,11,11,11,11,11,11,11,11,11,11,11,11,11,11,11,11,11,11,11,11,11,11,11,11,11,11,11,11,11,11,11,11,11,11,11,11,11,11,11,11,11,11,11,11,11,11,11,11,11,11,11,11,11,11,11,11,11,11,11,11,11,11,11,11,11,11,11,11,11,11,11,11,11,11,11,11,11,11,11,11,11,11,11,11,11,11,11,11,11,11,11,11,11,11,11,11,11,11,11,11,11,11,11,11,11,11,11,11,11,11,11,11,11,11,11,11,11,11,11,11,11,11,11,11,11,11,11,11,11,11,11,11,11,11,11,11,11,11,11,11,11,11,11,11,11,11,11,11,11,11,11,11,11,11,11,11,11,11,11,11,11,11,11,11,11,11,11,11,11,11,11,11,11,11,11,11,11,11,11,11,11,11,11,11,11,11,11,11,11,11,11,11,11,11,11,11,11,11,11,11,11,11,11,11,11,11,11,11,11,11,11,11,11,11,11,11,11,11,11,11,11,11,11,11,11,11,11,11,11,11,11,11,11,11,11,11,11,11,11,11,11,11,11,11,11,11,11,11,11,11,11,11,11,11,11,11,11,11,11,11,11,11,11,11,11,11,11,11,11,11,11,11,11,11,11,11,11,11,11,11,11,11,11,11,11,11,11,11,11,11,11,11,11,11,11,11,11,11,11,11,11,11,11,11,11,11,11,11,11,11,11,11,11,11,11,11,11,11,11,11,11,11,11,11,11,11,11,11,11,11,11,11,11,11,11,11,11,11,11,11,11,11,11,11,11,11,11,11,11,11,11,11,11,11,11,11,11,11,11,11,11,11,11,11,11,11,11,11,11,11,11,11,11,11,11,11,11,11,11,11,11,11,11,11,11,11,11,11,11,11,11,11,11,11,11,11,11,11,11,11,11,11,11,11,11,11,11,11,11,11,11,11,11,11,11,11,11,11,11,11,11,11,11,11,11,11,11,11,11,11,11,11,11,11,11,11,11,11,11,11,11,11,11,11,11,11,11,11,11,11,11,11,11,11,11,11,11,11,11,11,11,11,11,11,11,11,11,11,11,11,11,11,11,11,11,11,11,11,11,11,11,11,11,11,11,11,11,11,11,11,11,11,11,11,11,11,11,11,11,11,11,11,11,11,11,11,11,11,11,11,11,11,11,11,11,11,11,11,11,11,11,11,11,11,11,11,11,11,11,11,11,11,11,11,11,11,11,11,11,11,11,11,11,11,11,11,11,11,11,11,11,11,11,11,11,11,11,11,11,11,11,11,11,11,11,11,11,11,11,11,11,11,11,11,11,11,11,11,11,11,11,11,11,11,11,11,11,11,11,11,11,11,11,11,11,11,11,11,11,11,11,11,11,11,11,11,11,11,11,11,11,11,11,11,11,11,11,11,11,11,11,11,11,11,11,11,11,11,11,11,11,11,11,11,11,11,11,11,11,11,11,11,11,11,11,11,11,11,11,11,11,11,11,11,11,11,11,11,11,11,11,11,11,11,11,11,11,11,11,11,11,11,11,11,11,11,11,11,11,11,11,11,11,11,11,11,11,11,11,11,11,11,11,11,11,11,11,11,11,11,11,11,11,11,11,11,11,11,11,11,11,11,11,11,11,11,11,11,11,11,11,11,11,11,11,11,11,11,11,11,11,11,11,11,11,11,11,11,11,11,11,11,11,11,11,11,11,11,11,11,11,11,11,11,11,11,11,11,11,11,11,11,11,11,11,11,11,11,11,11,11,11,11,11,11,11,11,11,11,11,11,11,11,11,11,11,11,11,11,11,11,11,11,11,11,11,11,11,11,11,11,11,11,11,11,11,11,11,11,11,11,11,11,11,11,11,11,11,11,11,11,11,11,11,11,11,11,11,11,11,11,11,11,11,11,11,11,11,11,11,11,11,11,11,11,11,11,11,11,11,11,11,11,11,11,11,11,11,11,11,11,11,11,11,11,11,11,11,11,11,11,11,11,11,11,11,11,11,11,11,11,11,11,11,11,11,11,11,11,11,11,11,11,11,11,11,11,11,11,11,11,11,11,11,11,11,11,11,11,11,11,11,11,11,11,11,11,11,11,11,11,11,11,11,11,11,11,11,11,11,11,11,11,11,11,11,11,11,11,11,11,11,11,11,11,11,11,11,11,11,11,11,11,11,11,11,11,11,11,11,11,11,11,11,11,11,11,11,11,11,11,11,11,11,11,11,11,11,11,11,11,11,11,11,11,11,11,11,11,11,11,11,11,11,11,11,11,11,11,11,11,11,11,11,11,11,11,11,11,11,11,11,11,11,11,11,11,11,11,11,11,11,11,11,11,11,11,11,11,11,11,11,11,11,11,11,11,11,11,11,11,11,11,11,11,11,11,11,11,11,11,11,11,11,11,11,11,11,11,11,11,11,11,11,11,11,11,11,11,11,11,11,11,11,11,11,11,11,11,11,11,11,11,11,11,11,11,11,11,11,11,11,11,11,11,11,11,11,11,11,11,11,11,11,11,11,11,11,11,11,11,11,11,11,11,11,11,11,11,11,11,11,11,11,11,11,11,11,11,11,11,11,11,11,11,11,11,11,11,11,11,11,11,11,11,11,11,11,11,11,11,11,11,11,11,11,11,11,11,11,11,11,11,11,11,11,11,11,11,11,11,11,11,11,11,11,11,11,11,11,11,11,11,11,11,11,11,11,11,11,11,11,11,11,11,11,11,11,11,11,11,11,11,11,11,11,11,11,11,11,11,11,11,11,11,11,11,11,11,11,11,11,11,11,11,11,11,11,11,11,11,11,11,11,11,11,11,11,11,11,11,11,11,11,11,11,11,11,11,11,11,11,11,11,11,11,11,11,11,11,11,11,11,11,11,11,11,11,11,11,11,11,11,11,11,11,11,11,11,11,11,11,11,11,11,11,11,11,11,11,11,11,11,11,11,11,11,11,11,11,11,11,11,11,11,11,11,11,11,11,11,11,11,11,11,11,11,11,11,11,11,11,11,11,11,11,11,11,11,11,11,11,11,11,11,11,11,11,11,11,11,11,11,11,11,11,11,11,11,11,11,11,11,11,11,11,11,11,11,11,11,11,11,11,11,11,11,11,11,11,11,11,11,11,11,11,11,11,11,11,11,11,11,11,11,11,11,11,11,11,11,11,11,11,11,11,11,11,11,11,11,11,11,11,11,11,11,11,11,11,11,11,11,11,11,11,11,11,11,11,11,11,11,11,11,11,11,11,11,11,11,11,11,11,11,11,11,11,11,11,11,11,11,11,11,11,11,11,11,11,11,11,11,11,11,11,11,11,11,11,11,11,11,11,11,11,11,11,11,11,11,11,11,11,11,11,11,11,11,11,11,11,11,11,11,11,11,11,11,11,11,11,11,11,11,11,11,11,11,11,11,11,11,11,11,11,11,11,11,11,11,11,11,11,11,11,11,11,11,11,11,11,11,11,11,11,11,11,11,11,11,11,11,11,11,11,11,11,11,11,11,11,11,11,11,11,11,11,11,11,11,11,11,11,11,11,11,11,11,11,11,11,11,11,11,11,11,11,11,11,11,11,11,11,11,11,11,11,11,11,11,11,11,11,11,11,11,11,11,11,11,11,11,11,11,11,11,11,11,11,11,11,11,11,11,11,11,11,11,11,11,11,11,11,11,11,11,11,11,11,11,11,11,11,11,11,11,11,11,11,11,11,11,11,11,11,11,11,11,11,11,11,11,11,11,11,11,11,11,11,11,11,11,11,11,11,11,11,11,11,11,11,11,11,11,11,11,11,11,11,11,11,11,11,11,11,11,11,11,11,11,11,11,11,11,11,11,11,11,11,11,11,11,11,11,11,11,11,11,11,11,11,11,11,11,11,11,11,11,11,11,11,11,11,11,11,11,11,11,11,11,11,11,11,11,11,11,11,11,11,11,11,11,11,11,11,11,11,11,11,11,11,11,11,11,11,11,11,11,11,11,11,11,11,11,11,11,11,11,11,11,11,11,11,11,11,11,11,11,11,11,11,11,11,11,11,11,11,11,11,11,11,11,11,11,11,11,11,11,11,11,11,11,11,11,11,11,11,11,11,11,11,11,11,11,11,11,11,11,11,11,11,11,11,11,11,11,11,11,11,11,11,11,11,11,11,11,11,11,11,11,11,11,11,11,11,11,11,11,11,11,11,11,11,11,11,11,11,11,11,11,11,11,11,11,11,11,11,11,11,11,11,11,11,11,11,11,11,11,11,11,11,11,11,11,11,11,11,11,11,11,11,11,11,11,11,11,11,11,11,11,11,11,11,11,11,11,11,11,11,11,11,11,11,11,11,11,11,11,11,11,11,11,11,11,11,11,11,11,11,11,11,11,11,11,11,11,11,11,11,11,11,11,11,11,11,11,11,11,11,11,11,11,11,11,11,11,11,11,11,11,11,11,11,11,11,11,11,11,11,11,11,11,11,11,11,11,11,11,11,11,11,11,11,11,11,11,11,11,11,11,11,11,11,11,11,11,11,11,11,11,11,11,11,11,11,11,11,11,11,11,11,11,11,11,11,11,11,11,11,11,11,11,11,11,11,11,11,11,11,11,11,11,11,11,11,11,11,11,11,11,11,11,11,11,11,11,11,11,11,11,11,11,11,11,11,11,11,11,11,11,11,11,11,11,11,11,11,11,11,11,11,11,11,11,11,11,11,11,11,11,11,11,11,11,11,11,11,11,11,11,11,11,11,11,11,11,11,11,11,11,11,11,11,11,11,11,11,11,11,11,11,11,11,11,11,11,11,11,11,11,11,11,11,11,11,11,11,11,11,11,11,11,11,11,11,11,11,11,11,11,11,11,11,11,11,11,11,11,11,11,11,11,11,11,11,11,11,11,11,11,11,11,11,11,11,11,11,11,11,11,11,11,11,11,11,11,11,11,11,11,11,11,11,11,11,11,11,11,11,11,11,11,11,11,11,11,11,11,11,11,11,11,11,11,11,11,11,11,11,11,11,11,11,11,11,11,11,11,11,11,11,11,11,11,11,11,11,11,11,11,11,11,11,11,11,11,11,11,11,11,11,11,11,11,11,11,11,11,11,11,11,11,11,11,11,11,11,11,11,11,11,11,11,11,11,11,11,11,11,11,11,11,11,11,11,11,11,11,11,11,11,11,11,11,11,11,11,11,11,11,11,11,11,11,11,11,11,11,11,11,11,11,11,11,11,11,11,11,11,11,11,11,11,11,11,11,11,11,11,11,11,11,11,11,11,11,11,11,11,11,11,11,11,11,11,11,11,11,11,11,11,11,11,11,11,11,11,11,11,11,11,11,11,11,11,11,11,11,11,11,11,11,11,11,11,11,11,11,11,11,11,11,11,11,11,11,11,11,11,11,11,11,11,11,11,11,11,11,11,11,11,11,11,11,11,11,11,11,11,11,11,11,11,11,11,11,11,11,11,11,11,11,11,11,11,11,11,11,11,11,11,11,11,11,11,11,11,11,11,11,11,11,11,11,11,11,11,11,11,11,11,11,11,11,11,11,11,11,11,11,11,11,11,11,11,11,11,11,11,11,11,11,11,11,11,11,11,11,11,11,11,11,11,11,11,11,11,11,11,11,11,11,11,11,11,11,11,11,11,11,11,11,11,11,11,11,11,11,11,11,11,11,11,11,11,11,11,11,11,11,11,11,11,11,11,11,11,11,11,11,11,11,11,11,11,11,11,11,11,11,11,11,11,11,11,11,11,11,11,11,11,11,11,11,11,11,11,11,11,11,11,11,11,11,11,11,11,11,11,11,11,11,11,11,11,11,11,11,11,11,11,11,11,11,11,11,11,11,11,11,11,11,11,11,11,11,11,11,11,11,11,11,11,11,11,11,11,11,11,11,11,11,11,11,11,11,11,11,11,11,11,11,11,11,11,11,11,11,11,11,11,11,11,11,11,11,11,11,11,11,11,11,11,11,11,11,11,11,11,11,11,11,11,11,11,11,11,11,11,11,11,11,11,11,11,11,11,11,11,11,11,11,11,11,11,11,11,11,11,11,11,11,11,11,11,11,11,11,11,11,11,11,11,11,11,11,11,11,11,11,11,11,11,11,11,11,11,11,11,11,11,11,11,11,11,11,11,11,11,11,11,11,11,11,11,11,11,11,11,11,11,11,11,11,11,11,11,11,11,11,11,11,11,11,11,11,11,11,11,11,11,11,11,11,11,11,11,11,11,11,11,11,11,11,11,11,11,11,11,11,11,11,11,11,11,11,11,11,11,11,11,11,11,11,11,11,11,11,11,11,11,11,11,11,11,11,11,11,11,11,11,11,11,11,11,11,11,11,11,11,11,11,11,11,11,11,11,11,11,11,11,11,11,11,11,11,11,11,11,11,11,11,11,11,11,11,11,11,11,11,11,11,11,11,11,11,11,11,11,11,11,11,11,11,11,11,11,11,11,11,11,11,11,11,11,11,11,11,11,11,11,11,11,11,11,11,11,11,11,11,11,11,11,11,11,11,11,11,11,11,11,11,11,11,11,11,11,11,11,11,11,11,11,11,11,11,11,11,11,11,11,11,11,11,11,11,11,11,11,11,11,11,11,11,11,11,11,11,11,11,11,11,11,11,11,11,11,11,11,11,11,11,11,11,11,11,11,11,11,11,11,11,11,11,11,11,11,11,11,11,11,11,11,11,11,11,11,11,11,11,11,11,11,11,11,11,11,11,11,11,11,11,11,11,11,11,11,11,11,11,11,11,11,11,11,11,11,11,11,11,11,11,11,11,11,11,11,11,11,11,11,11,11,11,11,11,11,11,11,11,11,11,11,11,11,11,11,11,11,11,11,11,11,11,11,11,11,11,11,11,11,11,11,11,11,11,11,11,11,11,11,11,11,11,11,11,11,11,11,11,11,11,11,11,11,11,11,11,11,11,11,11,11,11,11,11,11,11,11,11,11,11,11,11,11,11,11,11,11,11,11,11,11,11,11,11,11,11,11,11,11,11,11,11,11,11,11,11,11,11,11,11,11,11,11,11,11,11,11,11,11,11,11,11,11,11,11,11,11,11,11,11,11,11,11,11,11,11,11,11,11,11,11,11,11,11,11,11,11,11,11,11,11,11,11,11,11,11,11,11,11,11,11,11,11,11,11,11,11,11,11,11,11,11,11,11,11,11,11,11,11,11,11,11,11,11,11,11,11,11,11,11,11,11,11,11,11,11,11,11,11,11,11,11,11,11,11,11,11]
["1","1.1","16.1 Plano de Trabalho","mês",{"$f":"SUM(F4:Q4)","v":1},1]
["1","1.2","16.3.1. Relatório de Programação de Atividades/16.3.2. Relatório Fotográfico e de Levantamento de Dados, Estudos e Projetos de Engenharia existentes","mês",1,1]
["1","1.3","16.3.3. Relatórios Preliminares de Estudo (conforme Anexo III)","mês",4,null,1,1,1,1]
["1","1.4","Minuta da Memória Justificativa (conforme Anexo IV)","mês",1,{"$nulls":4},1]
["1","1.5","Minuta do Relatório de Custos (conforme Anexo IV)","mês",1,{"$nulls":4},1]
["1","1.6","16.3.4. Versão Preliminar do Relatório Final (Minuta) ","mês",1,{"$nulls":5},1]
["1","1.7","16.3.5. Versão Definitiva do Relatório Final ","mês",1,{"$nulls":6},1]
["1","1.8","16.3.6. Síntese do Relatório Final ","mês",1,{"$nulls":6},1]
["1","1","Estudo de Viabilidade Técnica, Econômica e Ambiental","mês",7,{"$f":"SUBTOTAL(4,F5:F11)","v":1},1,1,1,1,1,1,0,0,0,0,0]
["2","2.1","16.3.3. Relatórios Preliminares de Estudo (conforme Anexo III)","mês",3,{"$nulls":7},1,1,1]
["2","2.2","Plano de implantação das obras por trechos","mês",1,{"$nulls":9},1]
["2","2.3","Matriz de Risco","mês",1,{"$nulls":9},1]
["2","2.4","Divulgação, Apresentação, Sketchup","mês",1,{"$nulls":9},1]
["1","2.5","Minuta da Memória Justificativa (conforme Anexo IV)","mês",1,{"$nulls":9},1]
["1","2.6","Minuta do Relatório de Custos (conforme Anexo IV)","mês",1,{"$nulls":9},1]
["1","2.7","16.3.4. Versão Preliminar do Relatório Final (Minuta) ","mês",1,{"$nulls":10},1]
["1","2.8","16.3.5. Versão Definitiva do Relatório Final ","mês",1,{"$nulls":11},1]
["1","2.9","16.3.6. Síntese do Relatório Final ","mês",1,{"$nulls":11},1]
["2","2","Anteprojeto","mês",3,{"$f":"SUBTOTAL(4,F13:F16)","v":0},0,0,0,0,0,0,1,1,1,{"$f":"SUBTOTAL(4,P13:P13)","v":0},{"$f":"SUBTOTAL(4,Q13:Q16)","v":0}]
["Total","Total","Balanço Temporal","mês",12,{"$f":"SUBTOTAL(4,F5:F22)","v":1},1,1,1,1,1,1,1,1,1,1,1]
["Cod1","Cod2","Insumos","Uni","Qde",1,2,3,4,5,6,7,8,9,10,11,12]
[1,"P0","Engenheiro Sênior (Coordenador)","mês",{"$f":"SUM(F25:Q25)","v":5},null,1,1,1,1,1]
[1,"C","Consultor","mês",1,{"$nulls":4},1]
[1,"P1","Engenheiro Sênior","mês",7,null,null,1,2,2,2]
[1,"P2","Engenheiro Pleno","mês",8,null,null,1,2,2,2,1]
[1,"P3","Engenheiro Júnior","mês",2,null,null,1,null,1]
[1,"T1","Técnico Sênior","mês",5,null,null,1,1,1,1,1]
[1,"T2","Técnico Pleno","mês",5,null,null,1,1,1,1,1]
[1,"T3","Técnico Junior","mês",5,null,null,1,1,1,1,1]
[1,"A1","Administrativo (Secretariado)","mês",0]
[1,"V1","Diárias","dia",27,null,{"$f":"SUM(G25,G27,G28)","v":1},7,7,7,{"$f":"SUM(K25,K27,K28)","v":5}]
[1,"V2","Aluguel Hatch 1.6 flex s/ Motorista","mês",1,null,null,1]
[1,"V4","Passagens Aéreas (ida e volta)","un",6,null,1,1,1,1,1,1]
[1,"M1","Pen Drive 16 Gb","un",1,null,null,1]
[1,"M2","HD Externo 2 Tb","un",1,{"$nulls":6},1]
[1,"M3","Relatório Parcial","un",15,null,null,3,4,4,4]
[1,"M4","Relatório Final","un",1,{"$nulls":6},1]
["1",null,"EVTEA",null,null,{"$f":"SUBTOTAL(9,F25:F33)","v":0},{"$f":"SUBTOTAL(9,G25:G33)","v":1},7,8,10,8,4,0,0,0,0,0]
[2,"P0","Engenheiro Sênior (Coordenador)","mês",{"$f":"SUM(F42:Q42)","v":3},{"$nulls":7},1,1,1]
[2,"C","Consultor","mês",0]
[2,"P1","Engenheiro Sênior","mês",5,{"$nulls":8},1,2,2]
[2,"P2","Engenheiro Pleno","mês",4,{"$nulls":7},1,1,1,1]
[2,"P3","Engenheiro Júnior","mês",1,{"$nulls":8},1]
[2,"T1","Técnico Sênior","mês",4,{"$nulls":7},1,1,1,1]
[2,"T2","Técnico Pleno","mês",4,{"$nulls":7},1,1,1,1]
[2,"T3","Técnico Junior","mês",4,{"$nulls":7},1,1,1,1]
[2,"A1","Administrativo (Secretariado)","mês",0]
[2,"V1","Diárias","dia",13,{"$nulls":7},3,{"$f":"SUM(N42,N44,N45)","v":3},{"$f":"SUM(O42,O44,O45)","v":4},{"$f":"SUM(P42,P44,P45)","v":3}]
[2,"V2","Aluguel Hatch 1.6 flex s/ Motorista","mês",1,{"$nulls":8},1]
[2,"V4","Passagens Aéreas (ida e volta)","un",2,{"$nulls":8},1,null,1]
[2,"M1","Pen Drive 16 Gb","un",1,{"$nulls":8},1]
[2,"M2","HD Externo 2 Tb","un",1,{"$nulls":11},1]
[2,"M3","Relatório Parcial","un",10,{"$nulls":7},3,3,2,2]
[2,"M4","Relatório Final","un",1,{"$nulls":11},1]
[2,"TP","Total Serviços Cartográficos","un",0]
[2,"GT","Total Serviços Geotécnicos","un",0]
[2,null,"Anteprojeto",null,null,{"$f":"SUBTOTAL(9,F42:F50)","v":0},0,0,0,0,0,{"$f":"SUBTOTAL(9,L42:L53)","v":0},{"$f":"SUBTOTAL(9,M42:M53)","v":8},{"$f":"SUBTOTAL(9,M42:M53)","v":8},{"$f":"SUBTOTAL(9,N42:N54)","v":13},{"$f":"SUBTOTAL(9,O42:O53)","v":11},{"$f":"SUBTOTAL(9,P42:P55)","v":10}]
["Total",null,"Balanço de Insumos",null,null,{"$f":"SUBTOTAL(2,F25:F60)","v":0},3,12,9,11,9,7,7,12,8,8,2]